nba top 2000 psp alltime - Statistics

General Stats
  • This quiz has been taken 19 times
    3 since last reset
  • The average score is 1193 of 2000
Answer Stats
Player PSP Team From To Pos % Correct
855 Aaron Brooks 12192 HOU,PHO,SAC,DEN,CHI,IND,MIN 2008 2018 G
100%
417 Aaron Gordon 20900 ORL,DEN 2015 2025 F
100%
1474 Aaron Holiday 5906 IND,PHO,WAS,ATL,HOU 2019 2025 G
100%
1411 Aaron James 6266 NOJ 1975 1979 F
100%
1644 Aaron Wiggins 4582 OKC 2022 2025 G
100%
1083 Aaron Williams 9309 UTA,MIL,DEN,VAN,SEA,WAS,NJN,TOR,NOK,LAC 1994 2008 F-C
100%
188 A.C. Green 28988 LAL,PHO,DAL,MIA 1986 2001 F-C
100%
76 Adrian Dantley 37752 BUF,IND,LAL,UTA,DET,DAL,MIL 1977 1991 F-G
100%
1503 Adrian Griffin 5659 BOS,DAL,HOU,CHI,SEA 2000 2008 G-F
100%
732 Adrian Smith 13983 CIN,SFW 1962 1972 G
100%
1908 A.J. Price 3238 IND,WAS,MIN,CLE,PHO 2010 2015 G
100%
1684 Alan Anderson 4339 CHA,TOR,BRK,WAS,LAC 2006 2017 G-F
100%
1012 Alan Henderson 10118 ATL,DAL,CLE,PHI 1996 2007 F
100%
845 Albert King 12291 NJN,PHI,SAS,WSB 1982 1992 F-G
100%
1741 Al Butler 4038 BOS,NYK,BAL 1962 1965 G
100%
659 Alec Burks 15266 UTA,CLE,SAC,GSW,PHI,NYK,DET,MIA 2012 2025 G
100%
41 Alex English 45450 MIL,IND,DEN,DAL 1977 1991 F
100%
978 Alex Len 10390 PHO,ATL,SAC,TOR,WAS,LAL 2014 2025 C
100%
307 Al Harrington 23890 IND,ATL,GSW,NYK,DEN,ORL,WAS 1999 2014 F
100%
69 Al Horford 38636 ATL,BOS,PHI,OKC 2008 2025 C-F
100%
228 Al Jefferson 26940 BOS,MIN,UTA,CHA,CHO,IND 2005 2018 C-F
100%
327 Allan Houston 23399 DET,NYK 1994 2005 G
100%
46 Allen Iverson 44552 PHI,DEN,DET,MEM 1997 2010 G
100%
195 Alonzo Mourning 28488 CHH,MIA,NJN 1993 2008 C-F
100%
1711 Al Tucker 4178 SEA,CIN,BAL,CHI 1968 1972 F
100%
124 Alvan Adams 33431 PHO 1976 1988 C-F
100%
257 Alvin Robertson 25772 SAS,MIL,DET,TOR 1985 1996 G
100%
1208 Alvin Scott 8158 PHO 1978 1985 F-G
100%
1002 Alvin Williams 10184 POR,TOR,LAC 1998 2007 G
100%
1192 Al Wood 8233 ATL,SDC,SEA,DAL 1982 1987 G-F
100%
191 Amar'e Stoudemire 28746 PHO,NYK,DAL,MIA 2003 2016 F-C
100%
1764 Amen Thompson 3915 HOU 2024 2025 G
100%
679 Amir Johnson 14855 DET,TOR,BOS,PHI 2006 2019 F-C
100%
825 Anderson Varejao 12601 CLE,GSW 2005 2021 F-C
100%
830 Andrea Bargnani 12557 TOR,NYK,BRK 2007 2016 F-C
100%
221 Andre Drummond 27243 DET,CLE,LAL,BRK,PHI,CHI 2013 2025 C
100%
87 Andre Iguodala 36685 PHI,DEN,GSW,MIA 2005 2023 F-G
100%
385 Andrei Kirilenko 21733 UTA,MIN,BRK 2002 2015 F
100%
56 Andre Miller 41616 CLE,LAC,DEN,PHI,POR,WAS,SAC,MIN,SAS 2000 2016 G
100%
1745 Andre Roberson 4018 OKC,BRK 2014 2021 G-F
100%
489 Andrew Bogut 18814 MIL,GSW,CLE,DAL,LAL 2006 2019 C
100%
314 Andrew Wiggins 23765 MIN,GSW,MIA 2015 2025 F-G
100%
1517 Andy Johnson 5586 PHW,CHP 1959 1962 F-G
100%
280 Anfernee Hardaway 24879 ORL,PHO,NYK,MIA 1994 2008 G-F
100%
113 Antawn Jamison 34496 GSW,DAL,WAS,CLE,LAL,LAC 1999 2014 F
100%
985 Anthony Carter 10314 MIA,SAS,MIN,DEN,NYK,TOR 2000 2012 G
100%
80 Anthony Davis 37383 NOH,NOP,LAL,DAL 2013 2025 F-C
100%
566 Anthony Edwards 17129 MIN 2021 2025 G-F
100%
862 Anthony Johnson 12134 SAC,ATL,ORL,CLE,NJN,IND,DAL 1998 2010 G
100%
1088 Anthony Parker 9250 PHI,ORL,TOR,CLE 1998 2012 G
100%
1823 Anthony Randolph 3649 GSW,MIN,NYK,DEN 2009 2014 F
100%
1836 Anthony Roberts 3585 DEN,WSB 1978 1984 F-G
100%
557 Antoine Carr 17349 ATL,SAC,SAS,UTA,HOU,VAN 1985 2000 F-C
100%
146 Antoine Walker 32392 BOS,DAL,ATL,MIA,MIN 1997 2008 F
100%
616 Antonio Daniels 16127 VAN,SAS,POR,SEA,WAS,NOH,PHI 1998 2011 G
100%
412 Antonio Davis 21063 IND,TOR,CHI,NYK 1994 2006 F-C
100%
241 Antonio McDyess 26147 DEN,PHO,NYK,DET,SAS 1996 2011 F-C
100%
325 Archie Clark 23454 LAL,PHI,BAL,CAP,SEA,DET 1967 1976 G
100%
1076 Armond Hill 9435 ATL,SEA,SDC,MIL 1977 1984 G
100%
1416 Arnie Johnson 6239 ROC 1949 1953 F-C
100%
1732 Art Harris 4091 SEA,PHO 1969 1972 G
100%
154 Artis Gilmore 31531 CHI,SAS,BOS 1972 1988 C
100%
1028 Art Williams 9916 SDR,BOS 1968 1975 G
100%
569 Austin Carr 17068 CLE,DAL,WSB 1972 1981 G
100%
1146 Austin Reaves 8696 LAL 2022 2025 G
100%
875 Austin Rivers 11876 NOH,NOP,LAC,HOU,WAS,DEN,NYK,MIN 2013 2023 G
100%
809 Avery Bradley 12911 BOS,DET,LAC,MEM,LAL,HOU,MIA 2011 2022 G
100%
255 Avery Johnson 25793 SEA,DEN,SAS,HOU,GSW,DAL 1989 2004 G
100%
129 Bailey Howell 33217 DET,BAL,BOS,PHI 1960 1971 F
100%
145 Baron Davis 32485 CHH,NOH,GSW,LAC,CLE,NYK 2000 2012 G
100%
1977 Ben Coleman 2891 NJN,PHI,MIL,DET 1987 1994 F
100%
518 Ben Gordon 18185 CHI,DET,CHA,ORL 2005 2015 G
100%
237 Ben Wallace 26304 WSB,WAS,ORL,DET,CHI,CLE 1997 2012 F-C
100%
141 Bernard King 32505 NJN,UTA,GSW,NYK,WSB 1978 1993 F
100%
479 Bill Bradley 19004 NYK 1968 1977 F-G
100%
167 Bill Bridges 30225 STL,ATL,PHI,LAL,GSW 1963 1975 F-C
100%
128 Bill Laimbeer 33241 CLE,DET 1981 1994 C
100%
24 Bill Russell 52659 BOS 1957 1969 C
100%
383 Bill Sharman 21793 WSC,BOS 1951 1961 G
100%
567 Bill Walton 17109 POR,SDC,LAC,BOS 1975 1987 C-F
100%
226 Billy Cunningham 27037 PHI 1966 1976 F-C
100%
559 Billy Knight 17301 IND,BUF,BOS,KCK,SAS 1975 1985 G-F
100%
1501 Billy Thompson 5667 LAL,MIA,GSW 1987 1992 F
100%
482 Bingo Smith 18921 SDR,CLE,SDC 1970 1980 F-G
100%
170 Blake Griffin 30078 LAC,DET,BRK,BOS 2011 2023 F-C
100%
712 Blue Edwards 14306 UTA,MIL,BOS,VAN,MIA 1990 1999 G-F
100%
322 Bob Boozer 23570 CIN,NYK,LAL,CHI,SEA,MIL 1961 1971 F
100%
653 Bobby Jackson 15338 DEN,MIN,SAC,MEM,NOK,HOU,NOH 1998 2009 G
100%
377 Bobby Jones 21898 DEN,PHI 1975 1986 F
100%
1918 Bobby Lewis 3168 SFW,CLE 1968 1971 G
100%
624 Bobby Portis 15973 CHI,WAS,NYK,MIL 2016 2025 F
100%
59 Bob Cousy 40094 BOS,CIN 1951 1970 G
100%
156 Bob Dandridge 31460 MIL,WSB 1970 1982 F-G
100%
1540 Bob Harris 5379 FTW,BOS 1950 1954 F-C
100%
1042 Bob Harrison 9807 MNL,MLH,STL,SYR 1950 1958 G
100%
63 Bob Lanier 39357 DET,MIL 1971 1984 C
100%
349 Bob Love 22718 CIN,CHI,MIL,NYN,SEA 1967 1977 F
100%
97 Bob McAdoo 35541 BUF,NYK,BOS,DET,NJN,LAL,PHI 1973 1986 C-F
100%
53 Bob Pettit 42493 MLH,STL 1955 1965 F-C
100%
714 Bonzi Wells 14280 POR,MEM,SAC,HOU,NOH 1999 2008 G-F
100%
282 Boris Diaw 24804 ATL,PHO,CHA,SAS,UTA 2004 2017 F-C
100%
369 Brad Daugherty 22033 CLE 1987 1994 C
100%
422 Brad Davis 20696 LAL,IND,UTA,DAL 1978 1992 G
100%
164 Bradley Beal 30482 WAS,PHO 2013 2025 G
100%
335 Brad Miller 23150 CHH,CHI,IND,SAC,HOU,MIN 1999 2012 C-F
100%
1997 Brady Walker 2808 PRO,BOS,BLB 1949 1952 F-C
100%
1388 Brandon Clarke 6439 MEM 2020 2025 F
100%
540 Brandon Ingram 17716 LAL,NOP 2017 2025 F
100%
886 Brandon Knight 11701 DET,MIL,PHO,CLE,HOU,DAL 2012 2022 G
100%
1954 Brandon Miller 2996 CHO 2024 2025 F-G
100%
467 Brent Barry 19307 LAC,MIA,CHI,SEA,SAS,HOU 1996 2009 G
100%
1445 Brent Price 6084 WSB,HOU,VAN,SAC 1993 2002 G
100%
546 Brevin Knight 17585 CLE,ATL,MEM,MIL,PHO,WAS,CHA,LAC,UTA 1998 2009 G
100%
552 Brian Grant 17463 SAC,POR,MIA,LAL,PHO 1995 2006 F
100%
1733 Brian Roberts 4089 NOH,NOP,CHO,POR 2013 2017 G
100%
147 Brook Lopez 32328 NJN,BRK,LAL,MIL 2009 2025 C
100%
1058 Bruce Brown 9684 DET,BRK,DEN,IND,TOR,NOP 2019 2025 G-F
100%
1075 Bryant Reeves 9438 VAN 1996 2001 C
100%
1437 Bryn Forbes 6103 SAS,MIL,DEN,MIN 2017 2023 G
100%
685 Bryon Russell 14714 UTA,WAS,LAL,DEN 1994 2006 F
100%
1119 Buck Johnson 9001 HOU,WSB 1987 1993 F
100%
74 Buck Williams 37811 NJN,POR,NYK 1982 1998 F-C
100%
1534 Butch Carter 5413 LAL,IND,NYK,PHI 1981 1986 G
100%
186 Byron Scott 29065 LAL,IND,VAN 1984 1997 G
100%
1077 Cade Cunningham 9432 DET 2022 2025 G
100%
406 Caldwell Jones 21324 PHI,HOU,CHI,POR,SAS 1974 1990 C-F
100%
1449 Caleb Martin 6051 CHO,MIA,DAL,PHI 2020 2025 F
100%
153 Calvin Murphy 31604 SDR,HOU 1971 1983 G
100%
1217 Cameron Johnson 8101 PHO,BRK 2020 2025 F
100%
610 Campy Russell 16293 CLE,NYK 1975 1985 F
100%
1608 Cam Thomas 4847 BRK 2022 2025 G
100%
171 Carlos Boozer 29949 CLE,UTA,CHI,LAL 2003 2015 F-C
100%
36 Carmelo Anthony 47843 DEN,NYK,OKC,HOU,POR,LAL 2004 2022 F
100%
320 Caron Butler 23616 MIA,LAL,WAS,DAL,LAC,MIL,OKC,DET,SAC 2003 2016 F
100%
1994 Cason Wallace 2823 OKC 2024 2025 G
100%
423 Cazzie Russell 20678 NYK,GSW,LAL,CHI 1967 1978 F-G
100%
1767 Cedric E. Henderson 3892 CLE,GSW 1998 2002 F
100%
23 Charles Barkley 52949 PHI,PHO,HOU 1985 2000 F
100%
1685 Charles Davis 4338 WSB,MIL,SAS,CHI 1982 1990 F
100%
1080 Charles Johnson 9390 GSW,WSB 1973 1979 G
100%
1211 Charles Jones 8145 PHI,CHI,WSB,DET,HOU 1984 1998 F-C
100%
88 Charles Oakley 36572 CHI,NYK,TOR,WAS,HOU 1986 2004 F-C
100%
652 Charles Smith 15354 LAC,NYK,SAS 1989 1997 F-C
100%
1436 Charlie Bell 6134 DAL,PHO,MIL,GSW 2002 2011 G
100%
471 Charlie Scott 19185 PHO,BOS,LAL,DEN 1971 1980 G-F
100%
91 Chauncey Billups 36136 BOS,TOR,DEN,MIN,DET,NYK,LAC 1998 2014 G
100%
1652 Chet Holmgren 4558 OKC 2024 2025 F-C
100%
123 Chet Walker 33626 SYR,PHI,CHI 1963 1975 F-G
100%
142 Chris Bosh 32499 TOR,MIA 2004 2016 F-C
100%
1873 Chris Carr 3419 PHO,MIN,NJN,CHI,GSW,BOS 1996 2001 G
100%
553 Chris Ford 17461 DET,BOS 1973 1982 G-F
100%
1986 Chris G. Smith 2859 MIN 1993 1995 G
100%
843 Chris Mills 12297 CLE,NYK,GSW 1994 2003 F
100%
608 Chris Morris 16405 NJN,UTA,PHO 1989 1999 F
100%
138 Chris Mullin 32558 GSW,IND 1986 2001 F-G
100%
8 Chris Paul 63429 NOK,NOH,LAC,HOU,OKC,PHO,GSW,SAS 2006 2025 G
100%
1172 Christian Wood 8399 PHI,CHO,MIL,NOP,DET,HOU,DAL,LAL 2016 2024 F
100%
77 Chris Webber 37711 GSW,WSB,WAS,SAC,PHI,DET 1994 2008 F-C
100%
1202 Chuck Hayes 8195 HOU,SAC,TOR 2006 2016 F-C
100%
258 Chuck Person 25759 IND,MIN,SAS,CHH,SEA 1987 2000 F
100%
1198 Chucky Brown 8209 CLE,LAL,NJN,DAL,HOU,MIL,PHO,ATL,CHH,SAS,GSW,SAC 1990 2002 F
100%
210 CJ McCollum 27649 POR,NOP 2014 2025 G
100%
1059 C.J. Watson 9668 GSW,CHI,BRK,IND,ORL 2008 2017 G
100%
954 Clemon Johnson 10809 POR,IND,PHI,SEA 1979 1988 C-F
100%
78 Clifford Robinson 37657 POR,PHO,DET,GSW,NJN 1990 2007 F-C
100%
443 Cliff Robinson 20115 NJN,CLE,KCK,WSB,PHI,LAL 1980 1992 F
100%
1048 Clint Richardson 9762 PHI,IND 1980 1987 G
100%
31 Clyde Drexler 50181 POR,HOU 1984 1998 G
100%
620 Clyde Lee 16081 SFW,GSW,ATL,PHI 1967 1976 F-C
100%
882 Coby White 11790 CHI 2020 2025 G
100%
1734 Cody Martin 4086 CHO,PHO 2020 2025 G-F
100%
1180 Cole Anthony 8336 ORL 2021 2025 G
100%
561 Connie Hawkins 17193 PHO,LAL,ATL 1968 1976 F-C
100%
387 Corey Maggette 21657 ORL,LAC,GSW,MIL,CHA,DET 2000 2013 F
100%
632 Corliss Williamson 15800 SAC,DET,TOR,PHI 1996 2007 F
100%
706 Courtney Lee 14370 ORL,NJN,HOU,BOS,MEM,CHO,NYK,DAL 2009 2020 G
100%
838 Craig Hodges 12346 SDC,MIL,PHO,CHI 1983 1992 G
100%
1521 Craig Smith 5565 MIN,LAC,POR 2007 2012 F
100%
1408 Dahntay Jones 6277 MEM,SAC,DEN,IND,ATL,DAL,LAC,CLE 2004 2017 G-F
100%
321 Dale Davis 23598 IND,POR,GSW,DET 1992 2007 F-C
100%
180 Dale Ellis 29387 DAL,SEA,MIL,SAS,DEN,CHH 1984 2000 G-F
100%
1968 Damian Jones 2930 GSW,ATL,LAL,PHO,SAC,UTA,CLE 2017 2024 F-C
100%
52 Damian Lillard 42750 POR,MIL 2013 2025 G
100%
1296 Damien Wilkins 7221 SEA,OKC,MIN,ATL,DET,PHI,IND 2005 2018 F-G
100%
1634 Damion Lee 4647 ATL,GSW,PHO 2018 2025 G
100%
1018 Damon Jones 10037 BOS,NJN,DAL,GSW,VAN,DET,SAC,MIL,MIA,CLE 1999 2009 G
100%
206 Damon Stoudamire 27777 TOR,POR,MEM,SAS 1996 2008 G
100%
367 D'Angelo Russell 22060 LAL,BRK,GSW,MIN 2016 2025 G
100%
1403 Daniel Gibson 6304 CLE 2007 2013 G
100%
229 Dan Issel 26846 DEN 1971 1985 C-F
100%
273 Dan Majerle 25128 PHO,CLE,MIA 1989 2002 G-F
100%
201 Danny Ainge 28243 BOS,SAC,POR,PHO 1982 1995 G
100%
590 Danny Green 16652 CLE,SAS,TOR,LAL,PHI,MEM 2010 2024 G-F
100%
458 Danny Schayes 19546 UTA,DEN,MIL,LAL,PHO,MIA,ORL 1982 1999 C-F
100%
1251 Danny Young 7780 SEA,POR,LAC,DET,MIL 1985 1995 G
100%
1143 Dante Cunningham 8741 POR,CHA,MEM,MIN,NOP,BRK,SAS 2010 2019 F
100%
1690 Danuel House Jr. 4305 WAS,PHO,HOU,NYK,UTA,PHI 2017 2024 G
100%
1939 Darius Miller 3057 NOH,NOP,OKC 2013 2021 F
100%
693 Darnell Valentine 14607 POR,LAC,CLE 1982 1991 G
100%
536 Darrell Walker 17785 NYK,DEN,WSB,DET,CHI 1984 1993 G
100%
1263 Darrick Martin 7631 MIN,VAN,LAC,SAC,DAL,TOR 1995 2008 G
100%
487 Darryl Dawkins 18857 PHI,NJN,DET,UTA 1976 1989 C
100%
1945 Darvin Ham 3042 DEN,IND,WAS,MIL,ATL,DET 1997 2005 F
100%
120 Dave Bing 33960 DET,WSB,BOS 1967 1978 G
100%
109 Dave Cowens 34636 BOS,MIL 1971 1983 C-F
100%
148 Dave DeBusschere 31979 DET,NYK 1963 1974 F-G
100%
317 David Lee 23693 NYK,GSW,BOS,DAL,SAS 2006 2017 F-C
100%
43 David Robinson 45056 SAS 1990 2003 C
100%
513 David Thompson 18300 DEN,SEA 1976 1984 G-F
100%
179 David West 29473 NOH,NOK,IND,SAS,GSW 2004 2018 F-C
100%
1866 David Wood 3459 CHI,HOU,SAS,DET,GSW,DAL,PHO,MIL 1989 1997 F
100%
1545 Davion Mitchell 5356 SAC,MIA,TOR 2022 2025 G
100%
243 DeAndre Jordan 26018 LAC,DAL,NYK,BRK,LAL,PHI,DEN 2009 2025 C
100%
1870 Dean Wade 3429 CLE 2020 2025 F
100%
702 Dee Brown 14456 BOS,TOR,ORL 1991 2002 G
100%
416 Dell Curry 20916 UTA,CLE,CHH,MIL,TOR 1987 2002 G
100%
992 Delonte West 10264 BOS,CLE,SEA,DAL 2005 2012 G
100%
264 DeMarcus Cousins 25357 SAC,NOP,GSW,HOU,LAC,DEN,MIL 2011 2022 C-F
100%
47 DeMar DeRozan 44267 TOR,SAS,CHI,SAC 2010 2025 G-F
100%
955 DeMarre Carroll 10794 MEM,HOU,DEN,UTA,ATL,TOR,BRK,SAS 2010 2020 F
100%
65 Dennis Johnson 39203 SEA,PHO,BOS 1977 1990 G
100%
236 Dennis Rodman 26349 DET,SAS,CHI,LAL,DAL 1987 2000 F
100%
730 Dennis Scott 14029 ORL,DAL,PHO,MIN,NYK,VAN 1991 2000 F
100%
1287 Dennis Smith Jr. 7375 DAL,NYK,DET,POR,CHO,BRK 2018 2024 G
100%
1790 Denzel Valentine 3792 CHI,CLE,UTA 2017 2022 G
100%
694 Derek Anderson 14594 CLE,LAC,SAS,POR,HOU,MIA,CHA 1998 2008 G
100%
235 Derek Fisher 26637 LAL,GSW,UTA,OKC,DAL 1997 2014 G
100%
86 Derek Harper 36817 DAL,NYK,ORL,LAL 1984 1999 G
100%
1138 Derek Smith 8803 GSW,SDC,LAC,SAC,PHI,BOS 1983 1991 G-F
100%
1762 DerMarr Johnson 3921 ATL,NYK,DEN,SAS 2001 2008 F
100%
117 Deron Williams 34202 UTA,NJN,BRK,DAL,CLE 2006 2017 G
100%
223 Derrick Coleman 27090 NJN,PHI,CHH,DET 1991 2005 F-C
100%
527 Derrick Favors 17879 NJN,UTA,NOP,OKC 2011 2022 F-C
100%
1308 Derrick Jones Jr. 7149 PHO,MIA,POR,CHI,DAL,LAC 2017 2025 F
100%
266 Derrick Rose 25315 CHI,NYK,CLE,MIN,DET,MEM 2009 2024 G
100%
662 Derrick White 15197 SAS,BOS 2018 2025 G
100%
1390 Derrick Williams 6428 MIN,SAC,NYK,CLE,MIA,LAL 2012 2018 F
100%
116 Detlef Schrempf 34295 DAL,IND,SEA,POR 1986 2001 F-C
100%
1215 Devean George 8118 LAL,DAL,GSW 2000 2010 G-F
100%
185 Devin Booker 29095 PHO 2016 2025 G
100%
1380 Devin Brown 6534 DEN,SAS,UTA,NOK,CLE,NOH,CHI 2003 2010 G
100%
346 Devin Harris 22774 DAL,NJN,UTA,ATL,DEN 2005 2019 G
100%
1254 Devonte' Graham 7759 CHO,NOP,SAS 2019 2024 G
100%
249 Dick Barnett 25935 SYR,LAL,NYK 1960 1974 G-F
100%
1981 Dick Cunningham 2878 MIL,HOU 1969 1975 C
100%
1951 Dick Gibbs 3016 HOU,KCO,SEA,WSB,BUF 1972 1976 F-G
100%
136 Dikembe Mutombo 32678 DEN,ATL,PHI,NJN,NYK,HOU 1992 2009 C
100%
876 Dillon Brooks 11875 MEM,HOU 2018 2025 F-G
100%
1049 Dion Waiters 9756 CLE,OKC,MIA,LAL 2013 2020 G
100%
16 Dirk Nowitzki 58949 DAL 1999 2019 F-C
100%
245 Doc Rivers 25996 ATL,LAC,NYK,SAS 1984 1996 G
100%
64 Dolph Schayes 39290 SYR,PHI 1950 1964 F-C
100%
51 Dominique Wilkins 43403 ATL,LAC,BOS,SAS,ORL 1983 1999 F-G
100%
1078 Don Adams 9415 SDR,ATL,HOU,DET,BUF 1971 1977 F
100%
1359 Don Ford 6758 LAL,CLE 1976 1982 F
100%
373 Don Nelson 21978 CHZ,LAL,BOS 1963 1976 F
100%
295 Donovan Mitchell 24427 UTA,CLE 2018 2025 G
100%
1868 Don Reid 3438 DET,WAS,ORL 1996 2003 F
100%
375 Donyell Marshall 21950 GSW,MIN,UTA,CHI,TOR,CLE,SEA,PHI 1995 2009 F
100%
948 Dorian Finney-Smith 10873 DAL,BRK,LAL 2017 2025 F
100%
370 Doug Christie 22010 LAL,NYK,TOR,SAC,ORL,DAL,LAC 1993 2007 G-F
100%
1620 Doug Smith 4764 DAL,BOS 1992 1996 F
100%
910 Doug West 11431 MIN,VAN 1990 2001 G-F
100%
152 Draymond Green 31777 GSW 2013 2025 F
100%
1249 Dudley Bradley 7787 IND,PHO,CHI,WSB,MIL,NJN,ATL 1980 1989 G-F
100%
1141 Duncan Robinson 8756 MIA 2019 2025 G-F
100%
1394 Dwight Davis 6378 CLE,GSW 1973 1977 F
100%
44 Dwight Howard 44795 ORL,LAL,HOU,ATL,CHO,WAS,PHI 2005 2022 C
100%
744 Dwight Jones 13789 ATL,HOU,CHI,LAL 1974 1983 F-C
100%
34 Dwyane Wade 49075 MIA,CHI,CLE 2004 2019 G
100%
1688 Dyson Daniels 4317 NOP,ATL 2023 2025 G
100%
166 Earl Monroe 30326 BAL,NYK 1968 1980 G
100%
1599 Earl Tatum 4906 LAL,IND,BOS,DET,CLE 1977 1980 G-F
100%
604 Earl Watson 16482 SEA,MEM,DEN,OKC,IND,UTA,POR 2002 2014 G
100%
1439 E.C. Coleman 6095 HOU,NOJ,GSW 1974 1979 F
100%
931 Ed Davis 11207 TOR,MEM,LAL,POR,BRK,UTA,MIN,CLE 2011 2022 F
100%
1587 Eddie Griffin 5010 HOU,MIN 2002 2007 F-C
100%
1046 Eddie House 9788 MIA,LAC,CHA,MIL,SAC,PHO,NJN,BOS,NYK 2001 2011 G
100%
151 Eddie Johnson 31796 KCK,SAC,PHO,SEA,CHH,IND,HOU 1982 1999 F-G
100%
207 Eddie Jones 27760 LAL,CHH,MIA,MEM,DAL 1995 2008 G-F
100%
1176 Eddie Jordan 8366 CLE,NJN,LAL,POR 1978 1984 G
100%
1982 Eddie Lee Wilkins 2876 NYK,PHI 1985 1993 F-C
100%
441 Eddie L. Johnson 20262 ATL,CLE,SEA 1978 1987 G
100%
1921 Eddie Miller 3157 BLB,MLH 1953 1954 C-F
100%
1816 Eddie Robinson 3667 CHH,CHI 2000 2004 G-F
100%
964 Eddy Curry 10658 CHI,NYK,MIA,DAL 2002 2013 C
100%
1376 Edgar Jones 6562 NJN,DET,SAS,CLE 1981 1986 F-C
100%
1746 Ed Mikan 4003 CHS,ROC,PHW,WSC,INO,BOS 1949 1954 C-F
100%
727 Elfrid Payton 14063 ORL,PHO,NOP,NYK,CHO 2015 2025 G
100%
35 Elgin Baylor 48341 MNL,LAL 1959 1972 F
100%
573 Elmore Smith 17009 BUF,LAL,MIL,CLE 1972 1979 C
100%
119 Elton Brand 33975 CHI,LAC,PHI,DAL,ATL 2000 2016 F-C
100%
20 Elvin Hayes 55150 SDR,HOU,BAL,CAP,WSB 1969 1984 F-C
100%
1096 Em Bryant 9197 NYK,BOS,BUF 1965 1972 G
100%
572 Enes Freedom 17014 UTA,OKC,NYK,POR,BOS 2012 2022 C
100%
345 Eric Bledsoe 22883 LAC,PHO,MIL,NOP 2011 2022 G
100%
309 Eric Gordon 23850 LAC,NOH,NOP,HOU,PHO,PHI 2009 2025 G-F
100%
1212 Erick Strickland 8138 DAL,NYK,VAN,BOS,IND,MIL 1997 2005 G
100%
957 Eric Williams 10741 BOS,DEN,CLE,NJN,TOR,CHA,SAS 1996 2007 F
100%
599 Ersan Ilyasova 16527 MIL,DET,ORL,ATL,OKC,PHI,UTA 2007 2021 F
100%
873 Ervin Johnson 11881 SEA,DEN,MIL,MIN 1994 2006 C
100%
1554 Etan Thomas 5298 WAS,OKC,ATL 2002 2011 F
100%
1133 E'Twaun Moore 8820 BOS,ORL,CHI,NOP,PHO 2012 2021 G-F
100%
618 Evan Fournier 16117 DEN,ORL,BOS,NYK,DET 2013 2024 G-F
100%
205 Fat Lever 27787 POR,DEN,DAL 1983 1994 G
100%
1993 Felipe Lopez 2829 VAN,MIN,WAS 1999 2002 G
100%
872 Flynn Robinson 12007 CIN,CHI,MIL,LAL,BAL 1967 1974 G
100%
772 Foots Walker 13472 CLE,NJN 1975 1984 G
100%
857 Frank Johnson 12156 WSB,HOU,PHO 1982 1994 G
100%
1737 Franklin Edwards 4059 PHI,LAC,SAC 1982 1988 G
100%
240 Fred Brown 26151 SEA 1972 1984 G
100%
571 Fred Carter 17056 BAL,PHI,MIL 1970 1977 G-F
100%
1663 Freddie Crawford 4498 NYK,LAL,MIL,BUF,PHI 1967 1971 G-F
100%
1329 Fred Jones 6956 IND,POR,TOR,NYK,LAC 2003 2009 G-F
100%
896 Fred Roberts 11585 SAS,UTA,BOS,MIL,CLE,LAL,DAL 1984 1997 F-C
100%
495 Fred VanVleet 18677 TOR,HOU 2017 2025 G
100%
1378 Freeman Williams 6545 SDC,ATL,UTA,WSB 1979 1986 G-F
100%
106 Gail Goodrich 35061 LAL,PHO,NOJ 1966 1979 G
100%
817 Gary Grant 12745 LAC,NYK,MIA,POR 1989 2001 G
100%
898 Gary Harris 11565 DEN,ORL 2015 2025 G
100%
1448 Gary Neal 6053 SAS,CHA,MIL,CHO,MIN,WAS,ATL 2011 2017 G
100%
27 Gary Payton 52344 SEA,MIL,LAL,BOS,MIA 1991 2007 G
100%
1815 Gary Payton II 3668 MIL,LAL,WAS,GSW,POR 2017 2025 G
100%
1577 Gene Conley 5096 BOS,NYK 1953 1964 C-F
100%
473 Gene Shue 19105 NYK,PHW,FTW,DET,BAL 1955 1964 G
100%
134 George Gervin 32779 SAS,CHI 1973 1986 G-F
100%
381 George Hill 21839 SAS,IND,UTA,CLE,SAC,MIL,OKC,PHI 2009 2023 G
100%
644 George Johnson 15506 GSW,BUF,NJN,SAS,ATL,SEA 1973 1986 C-F
100%
962 George King 10678 SYR,CIN 1952 1958 G
100%
1704 George Lee 4210 DET,SFW 1961 1968 F-G
100%
1094 George L. Johnson 9206 MIL,DEN,IND,PHI,WSB 1979 1986 F-C
100%
462 George Mikan 19468 MNL 1949 1956 C
100%
988 Gerald Green 10297 BOS,HOU,MIN,DAL,NJN,IND,PHO,MIA 2006 2019 G-F
100%
968 Gerald Henderson Jr. 10494 CHA,CHO,POR,PHI 2010 2017 G
100%
529 Gerald Henderson Sr. 17856 BOS,SEA,NYK,PHI,DET,MIL,HOU 1980 1992 G
100%
426 Gerald Wallace 20621 SAC,CHA,POR,NJN,BRK,BOS 2002 2015 F
100%
364 Gerald Wilkins 22197 NYK,CLE,VAN,ORL 1986 1999 G-F
100%
48 Giannis Antetokounmpo 44118 MIL 2014 2025 F-G
100%
405 Gilbert Arenas 21327 GSW,WAS,ORL,MEM 2002 2012 G
100%
1113 Glen Davis 9033 BOS,ORL,LAC 2008 2015 F-C
100%
297 Glenn Robinson 24338 MIL,ATL,PHI,SAS 1995 2005 F
100%
1889 Glenn Robinson III 3320 MIN,PHI,IND,DET,GSW,SAC 2015 2021 G-F
100%
178 Glen Rice 29532 MIA,CHH,LAL,NYK,HOU,LAC 1990 2004 F
100%
231 Goran Dragic 26787 PHO,HOU,MIA,BRK,TOR,CHI,MIL 2009 2023 G
100%
301 Gordon Hayward 24187 UTA,BOS,CHO,OKC 2011 2024 F-G
100%
946 Gorgui Dieng 10897 MIN,MEM,SAS,ATL 2014 2023 C
100%
108 Grant Hill 34729 DET,ORL,PHO,LAC 1995 2013 F-G
100%
1409 Grant Williams 6275 BOS,CHO,DAL 2020 2025 F
100%
1237 Grayson Allen 7875 UTA,MEM,MIL,PHO 2019 2025 G
100%
930 Greg Anderson 11214 SAS,MIL,DEN,NJN,DET,ATL 1988 1998 F-C
100%
669 Greg Anthony 15021 NYK,VAN,SEA,POR,CHI,MIL 1992 2002 G
100%
530 Greg Monroe 17853 DET,MIL,BOS,PHO,PHI,TOR,MIN,UTA,WAS 2011 2022 C-F
100%
1025 Greg Smith 9949 MIL,HOU,POR 1969 1976 F
100%
1106 Greivis Vasquez 9121 MEM,NOH,SAC,TOR,MIL,BRK 2011 2017 G
100%
404 Gus Johnson 21339 BAL,PHO 1964 1973 F-C
100%
160 Gus Williams 30827 GSW,SEA,WSB,ATL 1976 1987 G
100%
14 Hakeem Olajuwon 59811 HOU,TOR 1985 2002 C
100%
62 Hal Greer 39498 SYR,PHI 1959 1973 G-F
100%
300 Harrison Barnes 24302 GSW,DAL,SAC,SAS 2013 2025 F
100%
676 Harvey Grant 14880 WSB,POR,WAS,PHI 1989 1999 F
100%
700 Hassan Whiteside 14521 SAC,MIA,POR,UTA 2011 2022 C
100%
308 Hedo Turkoglu 23868 SAC,SAS,ORL,TOR,PHO,LAC 2001 2015 F
100%
750 Henry Bibby 13725 NYK,NOJ,PHI,SDC 1973 1981 G
100%
1537 Herbert Jones 5411 NOP 2022 2025 F
100%
286 Herb Williams 24675 IND,DAL,NYK,TOR 1982 1999 C-F
100%
212 Hersey Hawkins 27535 PHI,CHH,SEA,CHI 1989 2001 G
100%
1807 Hollis Thompson 3697 PHI,NOP 2014 2017 G-F
100%
115 Horace Grant 34296 CHI,ORL,SEA,LAL 1988 2004 F-C
100%
358 Hot Rod Williams 22464 CLE,PHO,DAL 1987 1999 F-C
100%
1278 Howard Porter 7433 CHI,DET,NYK,NJN 1972 1978 F-C
100%
1053 Hubert Davis 9718 NYK,TOR,DAL,WAS,DET,NJN 1993 2004 G
100%
1450 Hub Reed 6043 STL,CIN,LAL,DET 1959 1965 C-F
100%
1830 Ian Clark 3620 UTA,DEN,GSW,NOP 2014 2019 G
100%
1213 Isaiah Hartenstein 8138 HOU,CLE,DEN,LAC,NYK,OKC 2019 2025 F
100%
531 Isaiah Thomas 17850 SAC,BOS,PHO,CLE,LAL,DEN,WAS,NOP,CHO,DAL 2012 2024 G
100%
687 Ish Smith 14698 HOU,MEM,GSW,ORL,MIL,PHO,OKC,PHI,NOP,DET,WAS,CHO,DEN 2011 2024 G
100%
37 Isiah Thomas 47563 DET 1982 1994 G
100%
1232 Jabari Parker 7892 MIL,CHI,WAS,ATL,SAC,BOS 2015 2022 F
100%
1555 Jabari Smith Jr. 5289 HOU 2023 2025 F
100%
568 Jack Coleman 17089 ROC,STL 1950 1958 F-C
100%
861 Jack George 12138 PHW,NYK 1954 1961 G
100%
58 Jack Sikma 40360 SEA,MIL 1978 1991 C-F
100%
579 Jae Crowder 16853 DAL,BOS,CLE,UTA,MEM,MIA,PHO,MIL,SAC 2013 2025 F
100%
1662 Jahidi White 4498 WAS,PHO,CHA 1999 2005 F-C
100%
510 Jalen Brunson 18408 DAL,NYK 2019 2025 G
100%
1480 Jalen Duren 5859 DET 2023 2025 C
100%
1017 Jalen Green 10051 HOU 2022 2025 G
100%
1665 Jalen Johnson 4492 ATL 2022 2025 F
100%
247 Jalen Rose 25975 DEN,IND,CHI,TOR,NYK,PHO 1995 2007 G-F
100%
1667 Jalen Smith 4473 PHO,IND,CHI 2021 2025 F
100%
1163 Jalen Williams 8513 OKC 2023 2025 G
100%
197 Jamaal Wilkes 28392 GSW,LAL,LAC 1975 1986 F-G
100%
112 Jamal Crawford 34500 CHI,NYK,GSW,ATL,POR,LAC,MIN,PHO,BRK 2001 2020 G
100%
319 Jameer Nelson 23654 ORL,BOS,DAL,DEN,DET,NOP 2005 2018 G
100%
451 James Donaldson 19759 SEA,SDC,LAC,DAL,NYK,UTA 1981 1995 C
100%
233 James Edwards 26766 IND,LAL,CLE,PHO,DET,LAC,POR,CHI 1978 1996 C-F
100%
13 James Harden 60635 OKC,HOU,BRK,PHI,LAC 2010 2025 G
100%
782 James Johnson 13268 CHI,TOR,SAC,MEM,MIA,MIN,DAL,NOP,BRK,IND 2010 2025 F
100%
1314 James Jones 7110 IND,PHO,POR,MIA,CLE 2004 2017 F-G
100%
1550 James Robinson 5329 POR,MIN,LAC,ORL 1994 2001 G
100%
1090 James Silas 9228 SAS,CLE 1973 1982 G
100%
127 James Worthy 33243 LAL 1983 1994 F
100%
1084 JaMychal Green 9304 MEM,SAS,LAC,DEN,GSW 2015 2023 F
100%
1400 Jared Sullinger 6349 BOS,TOR 2013 2017 F
100%
1600 Jaren Jackson 4896 NJN,GSW,LAC,POR,PHI,HOU,WSB,SAS,ORL 1990 2002 G-F
100%
801 Jaren Jackson Jr. 13019 MEM 2019 2025 F
100%
612 Jarrett Allen 16261 BRK,CLE 2018 2025 C-F
100%
411 Jarrett Jack 21155 POR,IND,TOR,NOH,GSW,CLE,BRK,NOP,NYK 2006 2018 G
100%
1405 Jarvis Hayes 6287 WAS,DET,NJN 2004 2010 F
100%
1730 Jason Hart 4098 MIL,SAS,CHA,SAC,LAC,UTA,DEN,MIN,NOH 2001 2010 G
100%
15 Jason Kidd 59551 DAL,PHO,NJN,NYK 1995 2013 G
100%
254 Jason Richardson 25805 GSW,CHA,PHO,ORL,PHI 2002 2015 G
100%
1268 Jason Smith 7543 PHI,NOH,NOP,NYK,ORL,WAS,MIL 2008 2019 F-C
100%
75 Jason Terry 37803 ATL,DAL,BOS,BRK,HOU,MIL 2000 2018 G
100%
935 Jason Thompson 11079 SAC,GSW,TOR 2009 2016 F-C
100%
395 Jason Williams 21470 SAC,MEM,MIA,ORL 1999 2011 G
100%
683 JaVale McGee 14728 WAS,DEN,PHI,DAL,GSW,LAL,CLE,PHO,SAC 2009 2024 C
100%
1947 Javonte Green 3029 BOS,CHI,CLE,NOP 2020 2025 F
100%
1588 Jaxson Hayes 5004 NOP,LAL 2020 2025 F
100%
389 Jay Humphries 21595 PHO,MIL,UTA,BOS 1985 1995 G
100%
342 Jaylen Brown 22923 BOS 2017 2025 F-G
100%
187 Jayson Tatum 29013 BOS 2018 2025 F
100%
1193 Jayson Williams 8229 PHI,NJN 1991 1999 F-C
100%
256 Jeff Green 25776 SEA,OKC,BOS,MEM,LAC,ORL,CLE,WAS,HOU,UTA,BRK,DEN 2008 2025 F
100%
98 Jeff Hornacek 35493 PHO,PHI,UTA 1987 2000 G
100%
248 Jeff Malone 25948 WSB,UTA,PHI,MIA 1984 1996 G
100%
1239 Jeff Wilkins 7870 UTA,SAS 1981 1986 C-F
100%
606 Jerami Grant 16411 PHI,OKC,DEN,DET,POR 2015 2025 F
100%
869 Jeremy Lin 12037 GSW,NYK,HOU,LAL,CHO,BRK,ATL,TOR 2011 2019 G
100%
1729 Jerian Grant 4117 NYK,CHI,ORL,WAS 2016 2020 G
100%
208 Jermaine O'Neal 27753 POR,IND,MIA,TOR,BOS,PHO,GSW 1997 2014 C-F
100%
1822 Jerome James 3649 SAC,SEA,NYK 1999 2009 C
100%
1063 Jerome Williams 9635 DET,TOR,CHI,NYK 1997 2005 F
100%
1923 Jerry Chambers 3151 LAL,PHO,ATL,BUF 1967 1974 F
100%
111 Jerry Lucas 34556 CIN,SFW,NYK 1964 1974 F-C
100%
190 Jerry Stackhouse 28884 PHI,DET,WAS,DAL,MIL,MIA,ATL,BRK 1996 2013 G-F
100%
30 Jerry West 50390 LAL 1961 1974 G
100%
1646 Jevon Carter 4581 MEM,PHO,BRK,MIL,CHI 2019 2025 G
100%
1244 Jim Barnes 7827 NYK,BAL,LAL,CHI,BOS 1965 1971 C-F
100%
623 Jim Barnett 15973 BOS,SDR,POR,GSW,NOJ,NYK,PHI 1967 1977 G-F
100%
1117 Jim Davis 9009 STL,ATL,DET,HOU 1968 1975 C-F
100%
299 Jim Jackson 24303 DAL,NJN,GSW,PHI,POR,ATL,CLE,MIA,SAC,HOU,PHO,LAL 1993 2006 G
100%
1029 Jim King 9913 LAL,SFW,CIN,CHI 1964 1973 G
100%
104 Jimmy Butler 35111 CHI,MIN,PHI,MIA,GSW 2012 2025 F-G
100%
485 Jimmy Walker 18907 DET,HOU,KCO,KCK 1968 1976 G
100%
892 Jim Price 11619 LAL,MIL,BUF,DEN,DET 1973 1979 G
100%
524 Jim Washington 17983 STL,CHI,PHI,ATL,BUF 1966 1976 F-C
100%
446 JJ Redick 19953 ORL,MIL,LAC,PHI,NOP,DAL 2007 2021 G
100%
486 Joakim Noah 18897 CHI,NYK,MEM,LAC 2008 2020 C
100%
351 Joe Barry Carroll 22652 GSW,HOU,NJN,DEN,PHO 1981 1991 C-F
100%
956 Joe Bryant 10748 PHI,SDC,HOU 1976 1983 F-C
100%
791 Joe Caldwell 13177 DET,STL,ATL 1965 1975 F-G
100%
149 Joe Dumars 31943 DET 1986 1999 G
100%
1100 Joe Ellis 9162 SFW,GSW 1967 1974 F-G
100%
1121 Joe Harris 9000 CLE,BRK,DET 2015 2024 G
100%
60 Joe Johnson 39986 BOS,PHO,ATL,BRK,MIA,UTA,HOU 2002 2022 G-F
100%
1799 Joel Anthony 3744 MIA,BOS,DET,SAS 2008 2017 C
100%
287 Joel Embiid 24649 PHI 2017 2025 C
100%
374 Joe Smith 21958 GSW,PHI,MIN,DET,MIL,DEN,CHI,CLE,OKC,ATL,LAL,NJN 1996 2011 F
100%
1749 Joey Graham 3969 TOR,DEN,CLE 2006 2011 F
100%
1272 John Brown 7496 ATL,CHI,UTA 1974 1980 F
100%
22 John Havlicek 53911 BOS 1963 1978 F-G
100%
275 John Johnson 24945 CLE,POR,HOU,SEA 1971 1982 F
100%
216 John Lucas 27450 HOU,GSW,WSB,SAS,MIL,SEA 1977 1990 G
100%
455 Johnny Davis 19631 POR,IND,ATL,CLE 1977 1986 G
100%
707 Johnny Dawkins 14360 SAS,PHI,DET 1987 1995 G
100%
290 Johnny Green 24555 NYK,BAL,PHI,SDR,CIN,KCO 1960 1973 F-C
100%
586 Johnny Moore 16671 SAS,NJN 1981 1990 G
100%
5 John Stockton 66064 UTA 1985 2003 G
100%
177 John Wall 29548 WAS,HOU,LAC 2011 2023 G
100%
1598 John Wallace 4906 NYK,TOR,DET,PHO,MIA 1997 2004 F
100%
1013 John Williams 10110 WSB,LAC,IND 1987 1995 F-C
100%
1152 John Williamson 8651 IND,NYN,NJN,WSB 1974 1981 G
100%
173 Jo Jo White 29774 BOS,GSW,KCK 1970 1981 G
100%
234 Jonas Valanciunas 26697 TOR,MEM,NOP,SAC,WAS 2013 2025 C
100%
925 Jon Barry 11278 MIL,GSW,ATL,LAL,SAC,DET,DEN,HOU 1993 2006 G
100%
435 Jordan Clarkson 20455 LAL,CLE,UTA 2015 2025 G
100%
1422 Jordan Crawford 6220 ATL,WAS,BOS,GSW,NOP 2011 2018 G
100%
1124 Jordan Farmar 8967 LAL,NJN,LAC,MEM,SAC 2007 2017 G
100%
1341 Jordan Hill 6868 HOU,NYK,LAL,IND,MIN 2010 2017 C-F
100%
829 Jordan Poole 12568 GSW,WAS 2020 2025 G
100%
384 Jose Calderon 21733 TOR,DET,DAL,NYK,ATL,LAL,CLE 2006 2019 G
100%
1714 Josh Green 4169 DAL,CHO 2021 2025 G-F
100%
697 Josh Hart 14576 LAL,NOP,POR,NYK 2018 2025 G
100%
708 Josh Howard 14337 DAL,WAS,UTA,MIN 2004 2013 F-G
100%
1473 Josh Jackson 5923 PHO,MEM,DET,SAC 2018 2022 F-G
100%
836 Josh Richardson 12371 MIA,PHI,DAL,BOS,SAS,NOP 2016 2025 G
100%
168 Josh Smith 30214 ATL,DET,HOU,LAC,NOP 2005 2018 F
100%
888 J.R. Reid 11643 CHH,SAS,NYK,LAL,MIL,CLE 1990 2001 F
100%
339 J.R. Smith 23009 NOH,NOK,DEN,NYK,CLE,LAL 2005 2020 G-F
100%
67 Jrue Holiday 39093 PHI,NOP,MIL,BOS 2010 2025 G
100%
68 Julius Erving 38958 PHI 1972 1987 F-G
100%
219 Julius Randle 27294 LAL,NOP,NYK,MIN 2015 2025 F-C
100%
1342 Jumaine Jones 6860 PHI,CLE,BOS,LAL,CHA,PHO 2000 2007 F
100%
990 Justin Holiday 10280 PHI,GSW,ATL,CHI,NYK,MEM,IND,SAC,DAL,DEN 2013 2024 F
100%
1941 Justin Jackson 3055 SAC,DAL,MIL,OKC,BOS,PHO,MIN 2018 2024 G-F
100%
163 Juwan Howard 30558 WSB,WAS,DAL,DEN,ORL,HOU,CHA,POR,MIA 1995 2013 F-C
100%
2 Kareem Abdul-Jabbar 81938 MIL,LAL 1970 1989 C
100%
183 Karl-Anthony Towns 29299 MIN,NYK 2016 2025 C-F
100%
3 Karl Malone 74058 UTA,LAL 1986 2004 F
100%
158 Kawhi Leonard 31087 SAS,TOR,LAC 2012 2025 F
100%
671 K.C. Jones 15006 BOS 1959 1967 G
100%
584 Keith Van Horn 16694 NJN,PHI,MIL,NYK,DAL 1998 2006 F
100%
1050 Keldon Johnson 9750 SAS 2020 2025 G
100%
525 Kelly Olynyk 17972 BOS,MIA,HOU,DET,UTA,TOR,NOP 2014 2025 C-F
100%
213 Kemba Walker 27514 CHA,CHO,BOS,NYK,DAL 2012 2023 G
100%
768 Kendrick Perkins 13529 BOS,OKC,CLE,NOP 2004 2018 C
100%
922 Kenneth Faried 11313 DEN,BRK,HOU 2012 2019 F-C
100%
250 Kenny Anderson 25935 NJN,CHH,POR,BOS,NOH,SEA,IND,ATL,LAC 1992 2005 G
100%
615 Kenny Carr 16140 LAL,CLE,DET,POR 1978 1987 F
100%
402 Kenny Smith 21421 SAC,ATL,HOU,DEN,DET,ORL 1988 1997 G
100%
773 Kenny Thomas 13461 HOU,PHI,SAC 2000 2010 F
100%
1415 Kenny Walker 6244 NYK,WSB 1987 1995 F
100%
1453 Kenrich Williams 6008 NOP,OKC 2019 2025 G-F
100%
494 Kentavious Caldwell-Pope 18721 DET,LAL,WAS,DEN,ORL 2014 2025 G
100%
372 Kenyon Martin 21981 NJN,DEN,LAC,NYK,MIL 2001 2015 F
100%
1363 Keon Clark 6703 DEN,TOR,SAC,UTA 1999 2004 F-C
100%
909 Kermit Washington 11450 LAL,BOS,SDC,POR,GSW 1974 1988 F-C
100%
17 Kevin Durant 58825 SEA,OKC,GSW,BRK,PHO 2008 2025 F-G
100%
823 Kevin Edwards 12616 MIA,NJN,ORL,VAN 1989 2001 G
100%
11 Kevin Garnett 60960 MIN,BOS,BRK 1996 2016 F-C
100%
110 Kevin Johnson 34618 CLE,PHO 1988 2000 G
100%
139 Kevin Love 32535 MIN,CLE,MIA 2009 2025 F-C
100%
504 Kevin Martin 18478 SAC,HOU,OKC,MIN,SAS 2005 2016 G
100%
103 Kevin McHale 35160 BOS 1981 1993 F-C
100%
1311 Kevin Ollie 7118 DAL,ORL,SAC,PHI,NJN,CHI,IND,MIL,SEA,CLE,MIN,OKC 1998 2010 G
100%
409 Kevin Porter 21200 BAL,CAP,WSB,DET,NJN 1973 1983 G
100%
1233 Kevin Porter Jr. 7888 CLE,HOU,LAC,MIL 2020 2025 G
100%
101 Kevin Willis 35344 ATL,MIA,GSW,HOU,TOR,DEN,SAS,DAL 1985 2007 F-C
100%
1735 Keyonte George 4079 UTA 2024 2025 G
100%
1617 Khalid Reeves 4785 MIA,CHH,NJN,DAL,DET,CHI 1995 2000 G
100%
230 Khris Middleton 26835 DET,MIL,WAS 2013 2025 F-G
100%
294 Kiki Vandeweghe 24427 DEN,POR,NYK,LAC 1981 1993 F
100%
1590 Killian Hayes 4983 DET,BRK 2021 2025 G
100%
326 Kirk Hinrich 23453 CHI,ATL,WAS 2004 2016 G
100%
1595 KJ Martin 4930 HOU,LAC,PHI,UTA 2021 2025 F
100%
181 Klay Thompson 29383 GSW,DAL 2012 2025 G-F
100%
6 Kobe Bryant 65179 LAL 1997 2016 G-F
100%
884 Kris Humphries 11729 UTA,TOR,DAL,NJN,BRK,BOS,WAS,ATL,PHO 2005 2017 F-C
100%
701 Kurt Rambis 14517 LAL,CHH,PHO,SAC 1982 1995 F
100%
391 Kurt Thomas 21543 MIA,DAL,NYK,PHO,SAS,SEA,MIL,CHI,POR 1996 2013 F
100%
1074 Kwame Brown 9477 WAS,LAL,MEM,DET,CHA,GSW,PHI 2002 2013 F
100%
723 Kyle Anderson 14140 SAS,MEM,MIN,GSW,MIA 2015 2025 F-G
100%
341 Kyle Korver 22989 PHI,UTA,CHI,ATL,CLE,MIL 2004 2020 G-F
100%
594 Kyle Kuzma 16570 LAL,WAS,MIL 2018 2025 F
100%
57 Kyle Lowry 41540 MEM,HOU,TOR,MIA,PHI 2007 2025 G
100%
100 Kyrie Irving 35442 CLE,BOS,BRK,DAL 2012 2025 G
100%
73 LaMarcus Aldridge 37886 POR,SAS,BRK 2007 2022 F-C
100%
1611 Lamar Green 4814 PHO,NOJ 1970 1975 F-C
100%
135 Lamar Odom 32762 LAC,MIA,LAL,DAL 2000 2013 F
100%
1009 LaMelo Ball 10145 CHO 2021 2025 G
100%
870 Lance Stephenson 12033 IND,CHO,LAC,MEM,MIN,NOP,LAL,ATL 2011 2022 G-F
100%
1789 Lance Thomas 3814 NOH,NOP,NYK,OKC,BRK 2012 2020 F
100%
686 LaPhonso Ellis 14702 DEN,ATL,MIN,MIA 1993 2003 F
100%
25 Larry Bird 52611 BOS 1980 1992 F
100%
313 Larry Foust 23772 FTW,MNL,STL 1951 1962 C-F
100%
316 Larry Johnson 23741 CHH,NYK 1992 2001 F
100%
132 Larry Nance 32852 PHO,CLE 1982 1994 F-C
100%
940 Larry Nance Jr. 11017 LAL,CLE,NOP,POR,ATL 2016 2025 F-C
100%
548 Larry Smith 17551 GSW,HOU,SAS 1981 1993 F-C
100%
1907 LaRue Martin 3238 POR 1973 1976 C
100%
484 LaSalle Thompson 18909 KCK,SAC,IND,PHI,DEN 1983 1997 C-F
100%
155 Latrell Sprewell 31471 GSW,NYK,MIN 1993 2005 G
100%
1589 Lavoy Allen 4992 PHI,IND 2012 2017 F-C
100%
585 Leandro Barbosa 16678 PHO,TOR,IND,BOS,GSW 2004 2017 G
100%
1 LeBron James 96673 CLE,MIA,LAL 2004 2025 F-G
100%
61 Lenny Wilkens 39572 STL,SEA,CLE,POR 1961 1975 G
100%
1753 Leon Wood 3952 PHI,WSB,NJN,ATL,SAS,SAC 1985 1991 G
100%
340 Leroy Ellis 23006 LAL,BAL,POR,PHI 1963 1976 C-F
100%
999 Lloyd Neal 10207 POR 1973 1979 C-F
100%
1616 Lloyd Walton 4785 MIL,KCK 1977 1981 G
100%
1498 Lonnie Walker IV 5688 SAS,LAL,BRK,PHI 2019 2025 G
100%
1139 Lonzo Ball 8800 LAL,NOP,CHI 2018 2025 G
100%
1884 Lorenzo Williams 3341 BOS,CHH,ORL,DAL,WSB,WAS 1993 2000 F-C
100%
184 Lou Hudson 29296 STL,ATL,LAL 1967 1979 F-G
100%
1801 Louie Nelson 3735 CAP,NOJ,SAS,KCK,NJN 1974 1978 G
100%
194 Lou Williams 28594 PHI,ATL,TOR,LAL,HOU,LAC 2006 2022 G
100%
927 Lucious Harris 11236 DAL,PHI,NJN,CLE 1994 2005 G
100%
821 Lucious Jackson 12656 PHI 1965 1972 F-C
100%
456 Lucius Allen 19628 SEA,MIL,LAL,KCK 1970 1979 G
100%
1185 Luguentz Dort 8271 OKC 2020 2025 G
100%
542 Luis Scola 17664 HOU,PHO,IND,TOR,BRK 2008 2017 F
100%
202 Luka Doncic 28088 DAL,LAL 2019 2025 G-F
100%
1194 Luke Walton 8228 LAL,CLE 2004 2013 F
100%
244 Luol Deng 26009 CHI,CLE,MIA,LAL,MIN 2005 2019 F
100%
1519 Luther Head 5567 HOU,MIA,IND,SAC 2006 2011 G
100%
19 Magic Johnson 56926 LAL 1980 1996 G-F
100%
1788 Major Jones 3815 HOU,DET 1980 1985 F
100%
1630 Malik Allen 4681 MIA,CHA,CHI,DAL,NJN,MIL,DEN,ORL 2002 2011 F-C
100%
943 Malik Beasley 10925 DEN,MIN,LAL,UTA,MIL,DET 2017 2025 G
100%
900 Malik Rose 11558 CHH,SAS,NYK,OKC 1997 2009 F-C
100%
125 Manu Ginobili 33388 SAS 2003 2018 G
100%
169 Marc Gasol 30099 MEM,TOR,LAL 2009 2021 C
100%
490 Marcin Gortat 18792 ORL,PHO,WAS,LAC 2008 2019 C-F
100%
1477 Marc Jackson 5895 GSW,MIN,PHI,NJN,NOK 2001 2007 C
100%
215 Marcus Camby 27450 TOR,NYK,DEN,LAC,POR,HOU 1997 2013 C-F
100%
503 Marcus Morris 18480 HOU,PHO,DET,BOS,LAC,NYK,CLE,PHI 2012 2024 F
100%
476 Marcus Smart 19041 BOS,MEM,WAS 2015 2025 G
100%
1999 Marcus Williams 2797 NJN,GSW,MEM 2007 2010 G
100%
665 Mario Chalmers 15103 MIA,MEM 2009 2018 G
100%
137 Mark Aguirre 32662 DAL,DET,LAC 1982 1994 F-G
100%
1081 Mark Bryant 9343 POR,HOU,PHO,CHI,CLE,DAL,SAS,BOS,DEN,PHI 1989 2003 F-C
100%
1995 Mark Davis 2821 MIN,PHI,MIA,GSW 1996 2000 G-F
100%
619 Markieff Morris 16096 PHO,WAS,OKC,DET,LAL,MIA,BRK,DAL 2012 2025 F
100%
50 Mark Jackson 43456 NYK,LAC,IND,DEN,TOR,UTA,HOU 1988 2004 G
100%
270 Mark Price 25164 CLE,WSB,GSW,ORL 1987 1998 G
100%
655 Mark West 15324 DAL,CLE,MIL,PHO,DET,IND,ATL 1984 2000 C-F
100%
222 Marques Johnson 27213 MIL,LAC,GSW 1978 1990 F-G
100%
1123 Marquis Daniels 8995 DAL,IND,BOS,MIL 2004 2013 G-F
100%
1147 Martell Webster 8691 POR,MIN,WAS 2006 2015 G-F
100%
1886 Marvin Barnes 3331 DET,BUF,BOS,SDC 1975 1980 F-C
100%
881 Marvin Webster 11800 DEN,SEA,NYK,MIL 1976 1987 C
100%
397 Marvin Williams 21462 ATL,UTA,CHO,MIL 2006 2020 F
100%
534 Matt Barnes 17817 LAC,SAC,NYK,PHI,GSW,PHO,ORL,LAL,MEM 2004 2017 F
100%
83 Maurice Cheeks 37218 PHI,NYK,SAS,ATL,NJN 1979 1993 G
100%
1350 Maurice Evans 6804 MIN,SAC,DET,LAL,ORL,ATL,WAS 2002 2012 G
100%
217 Maurice Lucas 27426 POR,NJN,NYK,PHO,LAL,SEA 1975 1988 F-C
100%
1699 Med Park 4228 STL,CIN 1956 1960 G-F
100%
220 Metta World Peace 27254 CHI,IND,SAC,HOU,LAL,NYK 2000 2017 F
100%
1512 Meyers Leonard 5608 POR,MIA,MIL 2013 2023 C-F
100%
388 Michael Adams 21650 SAC,WSB,DEN,CHH 1986 1996 G
100%
800 Michael Beasley 13043 MIA,MIN,PHO,HOU,MIL,NYK,LAL 2009 2019 F
100%
1190 Michael Brooks 8245 SDC,IND,DEN 1981 1988 F
100%
1003 Michael Carter-Williams 10171 PHI,MIL,CHI,CHO,HOU,ORL 2014 2023 G
100%
1401 Michael Curry 6325 PHI,DET,WSB,MIL,TOR,IND 1994 2005 F-G
100%
143 Michael Finley 32490 PHO,DAL,SAS,BOS 1996 2010 G-F
100%
9 Michael Jordan 63354 CHI,WAS 1985 2003 G-F
100%
944 Michael Porter Jr. 10921 DEN 2020 2025 F
100%
396 Michael Ray Richardson 21469 NYK,GSW,NJN 1979 1986 G-F
100%
520 Michael Redd 18132 MIL,PHO 2001 2012 G
100%
1258 Michael 'The Animal' Smith 7711 SAC,VAN,WAS 1995 2001 F
100%
899 Micheal Williams 11561 DET,CHH,PHO,IND,MIN,TOR 1989 1999 G
100%
1151 Mickael Pietrus 8656 GSW,ORL,PHO,BOS,TOR 2004 2013 G-F
100%
1925 Mickey Davis 3146 MIL 1972 1977 F-G
100%
232 Mickey Johnson 26772 CHI,IND,MIL,GSW,NJN 1975 1986 F
100%
629 Mikal Bridges 15859 PHO,BRK,NYK 2019 2025 F-G
100%
133 Mike Bibby 32786 VAN,SAC,ATL,MIA,WAS,NYK 1999 2012 G
100%
1264 Mike Brown 7625 CHI,UTA,MIN,PHI,PHO 1987 1997 C-F
100%
70 Mike Conley 38398 MEM,UTA,MIN 2008 2025 G
100%
1876 Mike Davis 3389 BAL,BUF 1970 1973 G
100%
1034 Mike Evans 9850 SAS,MIL,CLE,DEN 1980 1988 G
100%
1592 Mike Green 4974 SEA,SAS,KCK 1974 1980 C-F
100%
864 Mike James 12120 MIA,BOS,DET,HOU,MIL,TOR,MIN,NOH,WAS,CHI,DAL 2002 2014 G
100%
1167 Mike McGee 8489 LAL,ATL,SAC,NJN,PHO 1982 1990 G-F
100%
361 Mike Miller 22413 ORL,MEM,MIN,WAS,MIA,CLE,DEN 2001 2017 F-G
100%
333 Mike Mitchell 23223 CLE,SAS 1979 1988 F
100%
1291 Mike Scott 7287 ATL,WAS,LAC,PHI 2013 2021 F
100%
1318 Mikki Moore 7085 DET,ATL,BOS,NJN,UTA,LAC,SEA,SAC,GSW 1999 2012 C-F
100%
851 Miles Bridges 12221 CHO 2019 2025 G-F
100%
1847 Mitchell Butler 3539 WSB,POR,CLE,WAS 1994 2004 G-F
100%
1305 Mitchell Robinson 7172 NYK 2019 2025 C
100%
1304 Mitchell Wiggins 7177 CHI,HOU,PHI 1984 1992 G
100%
126 Mitch Richmond 33298 GSW,SAC,WAS,LAL 1989 2002 G
100%
837 M.L. Carr 12369 DET,BOS 1976 1985 F-G
100%
203 Monta Ellis 28051 GSW,MIL,DAL,IND 2006 2017 G
100%
1082 Monte Morris 9328 DEN,WAS,DET,MIN,PHO 2018 2025 G
100%
1482 Monty Williams 5822 NYK,SAS,DEN,ORL,PHI 1995 2003 F
100%
150 Mookie Blaylock 31829 NJN,ATL,GSW 1990 2002 G
100%
21 Moses Malone 53914 BUF,HOU,PHI,WSB,ATL,MIL,SAS 1975 1995 C-F
100%
344 Mo Williams 22919 UTA,MIL,CLE,LAC,POR,CHO,MIN 2004 2016 G
100%
204 Mychal Thompson 27990 POR,LAL,SAS 1979 1991 C-F
100%
1513 Naji Marshall 5608 NOP,DAL 2021 2025 F
100%
805 Nate Robinson 12975 NYK,BOS,OKC,GSW,CHI,DEN,LAC,NOP 2006 2016 G
100%
81 Nate Thurmond 37308 SFW,GSW,CHI,CLE 1964 1977 C-F
100%
815 Nate Williams 12783 CIN,KCO,NOJ,GSW 1972 1979 F-G
100%
1112 Naz Reid 9038 MIN 2020 2025 F
100%
710 Neal Walk 14323 PHO,NOJ,NYK 1970 1977 C
100%
1761 Negele Knight 3924 PHO,SAS,DET,POR,TOR 1991 1999 G
100%
318 Nene 23678 DEN,WAS,HOU 2003 2019 F-C
100%
360 Nick Anderson 22448 ORL,SAC,MEM 1990 2002 F-G
100%
1327 Nickeil Alexander-Walker 6976 NOP,UTA,MIN 2020 2025 G
100%
1747 Nick Richards 3994 CHO,PHO 2021 2025 F-C
100%
176 Nick Van Exel 29582 LAL,DEN,DAL,GSW,POR,SAS 1994 2006 G
100%
885 Nick Young 11724 WAS,LAC,PHI,LAL,GSW,DEN 2008 2019 G-F
100%
224 Nicolas Batum 27063 POR,CHO,LAC,PHI 2009 2025 F-G
100%
55 Nikola Jokic 41963 DEN 2016 2025 C-F
100%
107 Nikola Vucevic 34930 PHI,ORL,CHI 2012 2025 C
100%
165 Norm Nixon 30335 LAL,SDC,LAC 1978 1989 G
100%
1441 Norris Cole 6090 MIA,NOP,OKC 2012 2017 G
100%
501 Olden Polynice 18548 SEA,LAC,DET,SAC,UTA 1988 2004 C-F
100%
970 Oliver Miller 10486 PHO,DET,TOR,DAL,SAC,MIN 1993 2004 C
100%
949 Ollie Johnson 10869 POR,KCO,NOJ,KCK,ATL,CHI,PHI 1973 1982 F
100%
18 Oscar Robertson 58414 CIN,MIL 1961 1974 G-F
100%
1031 Othella Harrington 9891 HOU,VAN,NYK,CHI,CHA 1997 2008 F-C
100%
414 Otis Birdsong 21056 KCK,NJN,BOS 1978 1989 G
100%
1284 Otis Smith 7384 DEN,GSW,ORL 1987 1992 G-F
100%
89 Otis Thorpe 36412 KCK,SAC,HOU,POR,DET,VAN,WAS,MIA,CHH 1985 2001 F-C
100%
742 Otto Moore 13839 DET,PHO,HOU,KCO,NOJ 1969 1977 C-F
100%
923 Otto Porter Jr. 11305 WAS,CHI,ORL,GSW,TOR 2014 2024 F
100%
813 Pat Cummings 12825 MIL,DAL,NYK,MIA,UTA 1980 1991 F-C
100%
661 Patrick Beverley 15238 HOU,LAC,MIN,CHI,LAL,MIL,PHI 2013 2024 G
100%
32 Patrick Ewing 50105 NYK,SEA,ORL 1986 2002 C-F
100%
979 Patrick Patterson 10370 HOU,SAC,TOR,OKC,LAC 2011 2021 F
100%
1571 Patrick Williams 5123 CHI 2021 2025 F
100%
650 Patty Mills 15361 POR,SAS,BRK,ATL,MIA,LAC,UTA 2010 2025 G
100%
39 Pau Gasol 47120 MEM,LAL,CHI,SAS,MIL 2002 2019 C-F
100%
211 Paul Arizin 27571 PHW 1951 1962 F-G
100%
79 Paul George 37563 IND,OKC,LAC,PHI 2011 2025 F-G
100%
1985 Paul Graham 2871 ATL 1992 1994 F-G
100%
1206 Paul Griffin 8170 NOJ,SAS 1977 1983 F-C
100%
144 Paul Millsap 32487 UTA,ATL,DEN,BRK,PHI 2007 2022 F
100%
29 Paul Pierce 51469 BOS,BRK,WAS,LAC 1999 2017 F-G
100%
1867 Paul Reed 3453 PHI,DET 2021 2025 F
100%
130 Paul Silas 33215 STL,ATL,PHO,BOS,DEN,SEA 1965 1980 F-C
100%
271 Paul Westphal 25163 BOS,PHO,SEA,NYK 1973 1984 G
100%
1340 Payton Pritchard 6889 BOS 2021 2025 G
100%
1795 Pearl Washington 3767 NJN,MIA 1987 1989 G
100%
334 Peja Stojakovic 23205 SAC,IND,NOK,NOH,DAL,TOR 1999 2011 F
100%
218 Pete Maravich 27297 ATL,NOJ,BOS,UTA 1971 1980 G
100%
763 Phil Ford 13586 KCK,MIL,NJN,HOU 1979 1985 G
100%
866 Phil Jackson 12109 NYK,NJN 1968 1980 F-C
100%
477 Phil Smith 19014 GSW,SDC,SEA 1975 1983 G
100%
262 P.J. Brown 25442 NJN,MIA,CHH,NOH,NOK,CHI,BOS 1994 2008 F-C
100%
621 P.J. Tucker 16047 TOR,PHO,HOU,MIL,MIA,PHI,LAC,NYK 2007 2025 F
100%
966 P.J. Washington 10544 CHO,DAL 2020 2025 F
100%
515 Pooh Richardson 18265 MIN,IND,LAC 1990 1999 G
100%
1069 Popeye Jones 9560 DAL,TOR,BOS,DEN,WAS,GSW 1994 2004 F
100%
660 Quentin Richardson 15242 LAC,PHO,NYK,MIA,ORL 2001 2013 G-F
100%
806 Raja Bell 12969 PHI,DAL,UTA,PHO,CHA,GSW 2001 2012 G
100%
99 Rajon Rondo 35469 BOS,DAL,SAC,CHI,NOP,LAL,ATL,LAC,CLE 2007 2022 G
100%
1863 Ralph Johnson 3468 AND,FTW 1950 1953 G
100%
1200 Randy Brown 8204 SAC,CHI,BOS,PHO 1992 2003 G
100%
157 Randy Smith 31181 BUF,SDC,CLE,NYK,ATL 1972 1983 G-F
100%
1721 Randy White 4135 DAL 1990 1994 F
100%
200 Rashard Lewis 28260 SEA,ORL,WAS,MIA 1999 2014 F
100%
114 Rasheed Wallace 34329 WSB,POR,ATL,DET,BOS,NYK 1996 2013 F-C
100%
991 Rasual Butler 10276 MIA,NOK,NOH,LAC,CHI,TOR,IND,WAS,SAS 2003 2016 F-G
100%
45 Ray Allen 44694 MIL,SEA,BOS,MIA 1997 2014 G
100%
239 Raymond Felton 26168 CHA,DEN,NYK,POR,DAL,LAC,OKC 2006 2019 G
100%
407 Ray Scott 21261 DET,BAL 1962 1972 F-C
100%
355 Ray Williams 22476 NYK,NJN,KCK,BOS,ATL,SAS 1978 1987 G
100%
192 Red Kerr 28644 SYR,PHI,BAL 1955 1966 C-F
100%
928 Reggie Evans 11224 SEA,DEN,PHI,TOR,LAC,BRK,SAC 2003 2015 F
100%
338 Reggie Jackson 23034 OKC,DET,LAC,DEN,PHI 2012 2025 G
100%
1612 Reggie Johnson 4811 SAS,CLE,KCK,PHI,NJN 1981 1984 F-C
100%
1101 Reggie King 9148 KCK,SEA 1980 1985 F
100%
709 Reggie Lewis 14329 BOS 1988 1993 G-F
100%
2000 Reggie L. Williams 2794 GSW,CHA,OKC,SAS,NOP 2010 2017 F
100%
49 Reggie Miller 43829 IND 1988 2005 G-F
100%
84 Reggie Theus 37217 CHI,KCK,SAC,ATL,ORL,NJN 1979 1991 G
100%
698 Reggie Williams 14540 LAC,CLE,SAS,DEN,IND,NJN 1988 1997 F-G
100%
1551 Richard Anderson 5328 SDC,DEN,HOU,POR,CHH 1983 1990 F-C
100%
172 Richard Hamilton 29812 WAS,DET,CHI 2000 2013 G-F
100%
199 Richard Jefferson 28314 NJN,MIL,SAS,GSW,UTA,DAL,CLE,DEN 2002 2018 F
100%
1315 Richard Washington 7107 KCK,MIL,CLE,DAL 1977 1982 F-C
100%
92 Rick Barry 36046 SFW,GSW,HOU 1966 1980 F
100%
1850 Rick Brunson 3528 POR,NYK,BOS,CHI,TOR,LAC,HOU,SEA 1998 2006 G
100%
1916 Rickey Brown 3189 GSW,ATL 1981 1985 C-F
100%
315 Rickey Green 23762 GSW,DET,UTA,CHH,MIL,IND,PHI,BOS 1978 1992 G
100%
505 Ricky Davis 18473 CHH,MIA,CLE,BOS,MIN,LAC 1999 2010 G-F
100%
324 Ricky Pierce 23470 DET,SDC,MIL,SEA,GSW,IND,CHH,DEN 1983 1998 G
100%
291 Rik Smits 24549 IND 1989 2000 C
100%
281 Robert Horry 24814 HOU,LAL,PHO,SAS 1993 2008 F
100%
28 Robert Parish 51496 GSW,BOS,CHH,CHI 1977 1997 C
100%
332 Robert Reid 23225 HOU,CHH,POR,PHI 1978 1991 F-G
100%
1542 Robert Williams 5367 BOS,POR 2019 2025 C-F
100%
602 Robin Lopez 16504 PHO,NOH,POR,NYK,CHI,MIL,WAS,ORL,CLE 2009 2024 C
100%
1793 Rob Williams 3770 DEN 1983 1984 G
100%
72 Rod Strickland 38105 NYK,SAS,POR,WSB,WAS,MIA,MIN,ORL,TOR,HOU 1989 2005 G
100%
174 Rolando Blackman 29652 DAL,NYK 1982 1994 G
100%
846 Ron Anderson 12283 CLE,IND,PHI,NJN,WSB 1985 1994 F-G
100%
1426 Rondae Hollis-Jefferson 6178 BRK,TOR,POR 2016 2021 F
100%
161 Ron Harper 30753 CLE,LAC,CHI,LAL 1987 2001 G-F
100%
1131 Ron Lee 8899 PHO,NOJ,ATL,DET 1977 1982 G
100%
1562 Ronnie Price 5227 SAC,UTA,PHO,POR,ORL,LAL 2006 2017 G
100%
1410 Ronny Turiaf 6266 LAL,GSW,NYK,MIA,WAS,LAC,MIN 2006 2015 F
100%
1020 Ron Williams 10000 SFW,GSW,MIL,LAL 1969 1976 G
100%
1777 Rory White 3865 PHO,MIL,SDC,LAC 1983 1987 F
100%
895 Royce O'Neale 11594 UTA,BRK,PHO 2018 2025 F
100%
788 Ruben Patterson 13200 LAL,SEA,POR,DEN,MIL,LAC 1999 2008 F
100%
1671 Rudy Fernandez 4454 POR,DEN 2009 2012 G
100%
159 Rudy Gay 31033 MEM,TOR,SAC,SAS,UTA 2007 2023 F
100%
227 Rudy Gobert 27025 UTA,MIN 2014 2025 C
100%
302 Rudy Tomjanovich 24113 SDR,HOU 1971 1981 F
100%
1447 Rumeal Robinson 6056 ATL,NJN,CHH,POR,LAL,PHO 1991 1997 G
100%
10 Russell Westbrook 63314 OKC,HOU,WAS,LAL,LAC,DEN 2009 2025 G
100%
758 Ryan Anderson 13658 NJN,ORL,NOH,NOP,HOU,MIA,PHO 2009 2020 F
100%
1310 Saddiq Bey 7119 DET,ATL 2021 2024 F
100%
1493 Samaki Walker 5734 DAL,SAS,LAL,MIA,WAS,IND 1997 2006 F
100%
102 Sam Cassell 35268 HOU,DAL,NJN,PHO,MIL,MIN,LAC,BOS 1994 2008 G
100%
196 Sam Jones 28477 BOS 1958 1969 G-F
100%
630 Sam Mitchell 15858 MIN,IND 1990 2002 F
100%
140 Sam Perkins 32511 DAL,LAL,SEA,IND 1985 2001 F-C
100%
565 Samuel Dalembert 17140 PHI,SAC,HOU,MIL,DAL,NYK 2002 2015 C
100%
1828 Sam Williams 3635 GSW,PHI 1982 1985 F
100%
1837 Scoot Henderson 3581 POR 2024 2025 G
100%
1227 Scott Brooks 7967 PHI,MIN,HOU,DAL,NYK,CLE 1989 1998 G
100%
984 Scottie Barnes 10317 TOR 2022 2025 G-F
100%
33 Scottie Pippen 49859 CHI,HOU,POR 1988 2004 F-G
100%
1006 Scott Williams 10156 CHI,PHI,MIL,DEN,PHO,DAL,CLE 1991 2005 F-C
100%
1604 Sergio Rodriguez 4885 POR,NYK,SAC,PHI 2007 2017 G
100%
1037 Seth Curry 9830 CLE,MEM,PHO,SAC,DAL,POR,PHI,BRK,CHO 2014 2025 G
100%
400 Shai Gilgeous-Alexander 21449 LAC,OKC 2019 2025 G
100%
1686 Shammond Williams 4336 ATL,SEA,BOS,DEN,NOH,ORL,LAL 1999 2007 G
100%
937 Shandon Anderson 11054 UTA,HOU,NYK,MIA 1997 2006 F-G
100%
470 Shane Battier 19207 MEM,HOU,MIA 2002 2014 F
100%
1508 Shannon Brown 5646 CLE,CHI,CHA,LAL,PHO,NYK,SAS,MIA 2007 2015 G
100%
12 Shaquille O'Neal 60716 ORL,LAL,MIA,PHO,CLE,BOS 1993 2011 C
100%
225 Shareef Abdur-Rahim 27043 VAN,ATL,POR,SAC 1997 2008 F
100%
614 Shawn Bradley 16166 PHI,NJN,DAL 1994 2005 C
100%
1857 Shawne Williams 3501 IND,DAL,NYK,NJN,LAL,DET,MIA 2007 2015 F
100%
131 Shawn Kemp 32986 SEA,CLE,POR,ORL 1990 2003 F-C
100%
71 Shawn Marion 38218 PHO,MIA,TOR,DAL,CLE 2000 2015 F
100%
1775 Shelden Williams 3876 ATL,SAC,MIN,BOS,DEN,NYK,NJN 2007 2012 F
100%
913 Sidney Green 11417 CHI,DET,NYK,ORL,SAS,CHH 1984 1993 F-C
100%
939 Si Green 11038 ROC,CIN,STL,CHP,CHZ,BAL,BOS 1957 1966 G-F
100%
528 Slater Martin 17861 MNL,NYK,STL 1950 1960 G
100%
214 Sleepy Floyd 27469 GSW,NJN,HOU,SAS 1983 1995 G
100%
1114 Slick Leonard 9029 MNL,LAL,CHP,CHZ 1957 1963 G
100%
1402 Sly Williams 6324 NYK,ATL,BOS 1980 1986 F-G
100%
1561 Smush Parker 5237 CLE,DET,PHO,LAL,LAC,MIA 2003 2008 G
100%
1484 Solomon Hill 5819 IND,NOP,MEM,MIA,ATL 2014 2022 F
100%
1109 Sonny Parker 9077 GSW 1977 1982 F-G
100%
439 Spud Webb 20365 ATL,SAC,MIN,ORL 1986 1998 G
100%
1472 Stacey King 5934 CHI,MIN,MIA,BOS,DAL 1990 1997 F-C
100%
1435 Stanley Johnson 6135 DET,NOP,TOR,LAL,SAS 2016 2023 F
100%
1579 Stanley Roberts 5094 ORL,LAC,MIN,HOU,PHI 1992 2000 C
100%
1975 Stan Love 2899 BAL,LAL 1972 1975 F
100%
26 Stephen Curry 52458 GSW 2010 2025 G
100%
284 Stephen Jackson 24776 NJN,SAS,ATL,IND,GSW,CHA,MIL,LAC 2001 2014 F-G
100%
121 Stephon Marbury 33703 MIN,NJN,PHO,NYK,BOS 1997 2009 G
100%
1911 Sterling Brown 3209 MIL,HOU,DAL,LAL 2018 2023 G
100%
378 Steve Francis 21898 HOU,ORL,NYK 2000 2008 G
100%
776 Steve Johnson 13355 KCK,CHI,SAS,POR,MIN,SEA,GSW 1982 1991 C-F
100%
916 Steve Kerr 11376 PHO,CLE,ORL,CHI,SAS,POR 1989 2003 G
100%
535 Steven Adams 17814 OKC,NOP,MEM,HOU 2014 2025 C
100%
38 Steve Nash 47396 PHO,DAL,LAL 1997 2014 G
100%
1696 Steve Patterson 4249 CLE,CHI 1972 1976 C
100%
263 Steve Smith 25437 MIA,ATL,POR,SAS,NOH,CHA 1992 2005 G
100%
500 Taj Gibson 18597 CHI,OKC,MIN,NYK,WAS,DET,CHO 2010 2025 F-C
100%
1491 Talen Horton-Tucker 5743 LAL,UTA,CHI 2020 2025 G-F
100%
942 Taurean Prince 10934 ATL,BRK,CLE,MIN,LAL,MIL 2017 2025 F
100%
285 Tayshaun Prince 24752 DET,MEM,BOS,MIN 2003 2016 F
100%
1303 Terance Mann 7185 LAC,ATL 2020 2025 G-F
100%
1879 Terence Davis 3379 TOR,SAC 2020 2025 G
100%
331 Terrell Brandon 23236 CLE,MIL,MIN 1992 2002 G
100%
1576 Terrence Jones 5098 HOU,MIL,NOP 2013 2019 F
100%
82 Terry Cummings 37287 SDC,MIL,SAS,SEA,NYK,PHI,GSW 1983 2000 F
100%
1346 Terry Davis 6826 MIA,DAL,WAS,DEN 1990 2001 F-C
100%
762 Terry Mills 13586 DEN,NJN,DET,MIA,IND 1991 2001 F
100%
66 Terry Porter 39140 POR,MIN,MIA,SAS 1986 2002 G
100%
507 Terry Rozier 18458 BOS,CHO,MIA 2016 2025 G
100%
198 Thaddeus Young 28321 PHI,BRK,MIN,IND,CHI,SAS,TOR,PHO 2008 2024 F
100%
715 Theo Ratliff 14239 DET,PHI,ATL,POR,BOS,MIN,CHA,SAS,LAL 1996 2011 C-F
100%
1488 Thomas Bryant 5784 LAL,WAS,DEN,MIA,IND 2018 2025 C
100%
1794 Thomas Robinson 3769 HOU,SAC,POR,PHI,BRK,LAL 2013 2017 F
100%
1354 Tiago Splitter 6788 SAS,ATL,PHI 2011 2017 F-C
100%
7 Tim Duncan 64377 SAS 1998 2016 F-C
100%
1637 Tim Frazier 4628 PHI,POR,NOP,WAS,MIL,DET,MEM,CLE,ORL 2015 2022 G
100%
94 Tim Hardaway 35951 GSW,MIA,DAL,DEN,IND 1990 2003 G
100%
537 Tim Hardaway Jr. 17742 NYK,ATL,DAL,DET 2014 2025 G
100%
549 Tim Thomas 17510 PHI,MIL,NYK,CHI,PHO,LAC,DAL 1998 2010 F
100%
122 Tiny Archibald 33671 CIN,KCO,KCK,NYN,BOS,MIL 1971 1984 G
100%
859 T.J. Ford 12145 MIL,TOR,IND,SAS 2004 2012 G
100%
175 Tobias Harris 29593 MIL,ORL,DET,LAC,PHI 2012 2025 F
100%
1420 Toby Knight 6223 NYK 1978 1982 F
100%
96 Tom Chambers 35557 SDC,SEA,PHO,UTA,CHH,PHI 1982 1998 F-C
100%
699 Tom Hawkins 14537 MNL,LAL,CIN 1960 1969 F
100%
305 Tom Heinsohn 24021 BOS 1957 1965 F-C
100%
597 Tom Henderson 16531 ATL,WSB,HOU 1975 1983 G
100%
696 Tony Allen 14582 BOS,MEM,NOP 2005 2018 G-F
100%
867 Tony Battie 12098 DEN,BOS,CLE,ORL,NJN,PHI 1998 2012 C-F
100%
1675 Tony Brown 4395 IND,CHI,NJN,HOU,MIL,LAL,UTA,LAC,SEA 1985 1992 F-G
100%
42 Tony Parker 45306 SAS,CHO 2002 2019 G
100%
1522 Tony Smith 5563 LAL,MIA,PHO,CHH,MIL,ATL 1991 2001 G
100%
95 Tracy McGrady 35915 TOR,ORL,HOU,NYK,DET,ATL,SAS 1998 2012 G-F
100%
259 Trae Young 25613 ATL 2019 2025 G
100%
1888 Travis Knight 3326 LAL,BOS,NYK 1997 2003 C
100%
1393 Tre Jones 6387 SAS,CHI 2021 2025 G
100%
1910 Tre Mann 3228 OKC,CHO 2022 2025 G
100%
844 Trent Tucker 12294 NYK,SAS,CHI 1983 1993 G
100%
252 Trevor Ariza 25848 NYK,ORL,LAL,HOU,NOH,WAS,PHO,POR,SAC,MIA 2005 2022 F
100%
1164 Trevor Booker 8509 WAS,UTA,BRK,IND,PHI 2011 2018 F
100%
1092 Trey Burke 9225 UTA,WAS,NYK,DAL,PHI 2014 2022 G
100%
1459 Trey Murphy III 5960 NOP 2022 2025 F
100%
550 Tristan Thompson 17507 CLE,BOS,CHI,IND,SAC,LAL 2012 2025 F-C
100%
1602 Troy Brown Jr. 4888 WAS,CHI,LAL,DET,MIN 2019 2024 G-F
100%
1903 Troy Daniels 3260 HOU,CHO,MIN,MEM,PHO,DEN,LAL 2014 2020 G
100%
1061 Troy Hudson 9652 UTA,LAC,ORL,MIN,GSW 1998 2008 G
100%
601 Troy Murphy 16523 GSW,IND,BOS,NJN,LAL,DAL 2002 2013 F-C
100%
296 Truck Robinson 24350 WSB,ATL,NOJ,PHO,NYK 1975 1985 F-C
100%
589 Ty Lawson 16653 DEN,HOU,IND,SAC,WAS 2010 2017 G
100%
1349 Tyler Johnson 6811 MIA,PHO,BRK,PHI,SAS 2015 2022 G
100%
483 Tyreke Evans 18921 SAC,NOP,MEM,IND 2010 2019 G-F
100%
538 Tyrone Hill 17739 GSW,CLE,MIL,PHI,MIA 1991 2004 F
100%
1338 Tyrus Thomas 6905 CHI,CHA,MEM 2007 2015 F
100%
269 Tyson Chandler 25219 CHI,NOK,NOH,CHA,DAL,NYK,PHO,LAL,HOU 2002 2020 C
100%
741 Tyus Jones 13843 MIN,MEM,WAS,PHO 2016 2025 G
100%
1547 Victor Wembanyama 5353 SAS 2024 2025 C-F
100%
350 Vin Baker 22709 MIL,SEA,BOS,NYK,HOU,LAC 1994 2006 F-C
100%
40 Vince Carter 46981 TOR,NJN,ORL,PHO,DAL,MEM,SAC,ATL 1999 2020 G-F
100%
277 Vinnie Johnson 24913 SEA,DET,SAS 1980 1992 G
100%
93 Vlade Divac 35960 LAL,CHH,SAC 1990 2005 C
100%
865 Vladimir Radmanovic 12114 SEA,LAC,LAL,CHA,GSW,ATL,CHI 2002 2013 F
100%
1946 Vonteego Cummings 3030 GSW,PHI 2000 2002 G
100%
874 Voshon Lenard 11878 MIA,DEN,TOR,POR 1996 2006 G
100%
1996 Wah Wah Jones 2813 INO 1950 1952 F
100%
812 Wali Jones 12837 BAL,PHI,MIL,DET 1965 1976 G
100%
609 Wally Szczerbiak 16317 MIN,BOS,CLE,SEA 2000 2009 F
100%
1197 Wally Walker 8223 POR,SEA,HOU 1977 1984 F
100%
54 Walt Bellamy 42172 CHP,CHZ,BAL,NYK,DET,ATL,NOJ 1962 1975 C
100%
1842 Walt Davis 3567 PHW,STL 1954 1958 C-F
100%
118 Walter Davis 34161 PHO,DEN,POR 1978 1992 G-F
100%
105 Walt Frazier 35062 NYK,CLE 1968 1980 G
100%
627 Walt Williams 15927 SAC,MIA,TOR,POR,HOU,DAL 1993 2003 F-G
100%
1008 Wayne Ellington 10145 MIN,CLE,MEM,DAL,LAL,BRK,MIA,DET,NYK 2010 2022 G
100%
1015 Wendell Carter Jr. 10073 CHI,ORL 2019 2025 C
100%
1175 Wesley Johnson 8366 MIN,PHO,LAL,LAC,NOP,WAS 2011 2019 F-G
100%
448 Wesley Matthews 19875 UTA,POR,DAL,IND,NYK,MIL,LAL,ATL 2010 2024 G
100%
711 Wesley Person 14318 PHO,CLE,MEM,ATL,POR,DEN,MIA 1995 2005 G
100%
1111 Wes Matthews 9054 ATL,WSB,PHI,CHI,SAS,LAL 1981 1990 G
100%
85 Wes Unseld 37097 BAL,CAP,WSB 1969 1981 C-F
100%
1872 Wil Jones 3421 IND,BUF 1970 1978 F
100%
651 Will Barton 15359 POR,DEN,TOR,WAS 2013 2023 G
100%
674 Willie Anderson 14932 SAS,NYK,TOR,MIA 1989 1997 G-F
100%
998 Willie Green 10212 PHI,NOH,ATL,LAC,ORL 2004 2015 G
100%
1719 Willie Jones 4153 DET 1961 1965 G
100%
261 Willis Reed 25461 NYK 1965 1974 C-F
100%
641 Wilson Chandler 15547 NYK,DEN,LAC,PHI,BRK 2008 2020 F
100%
4 Wilt Chamberlain 73495 PHW,SFW,PHI,LAL 1960 1973 C
100%
189 World B. Free 28954 PHI,SDC,GSW,CLE,HOU 1976 1988 G
100%
268 Xavier McDaniel 25220 SEA,PHO,NYK,BOS,NJN 1986 1998 F
100%
558 Yao Ming 17313 HOU 2003 2011 C
100%
357 Zach LaVine 22466 MIN,CHI,SAC 2015 2025 G-F
100%
90 Zach Randolph 36141 POR,NYK,LAC,MEM,SAC 2002 2018 F-C
100%
498 Zaza Pachulia 18614 ORL,MIL,ATL,DAL,GSW,DET 2004 2019 C
100%
1901 Ziaire Williams 3269 MEM,BRK 2022 2025 F
100%
1126 Zion Williamson 8954 NOP 2020 2025 F-C
100%
1974 Aaron Gray 2902 CHI,NOH,TOR,SAC 2008 2014 C
67%
654 Aaron McKie 15335 POR,DET,PHI,LAL 1995 2007 G-F
67%
1201 Alex Caruso 8204 LAL,CHI,OKC 2018 2025 G
67%
1486 Al Thornton 5803 LAC,WAS,GSW 2008 2011 F
67%
890 Andray Blatche 11626 WAS,BRK 2006 2014 F
67%
926 Andrew Bynum 11246 LAL,CLE,IND 2006 2014 C
67%
1487 Andrew Nembhard 5802 IND 2023 2025 G
67%
1130 Andris Biedrins 8908 GSW,UTA 2005 2014 C
67%
1051 Anfernee Simons 9725 POR 2019 2025 G
67%
1549 Anthony Bonner 5339 SAC,NYK,ORL 1991 1996 F
67%
253 Anthony Mason 25808 NJN,DEN,NYK,CHH,MIA,MIL 1990 2003 F
67%
1144 Anthony Tolliver 8725 SAS,GSW,POR,MIN,ATL,CHA,DET,PHO,SAC,MEM,PHI 2009 2021 F-C
67%
1898 Antoine Wright 3278 NJN,DAL,TOR,SAC 2006 2011 G-F
67%
1302 Aron Baynes 7188 SAS,DET,BOS,PHO,TOR 2013 2021 C
67%
731 Arron Afflalo 13998 DET,DEN,ORL,POR,NYK,SAC 2008 2018 G-F
67%
371 Bam Adebayo 21983 MIA 2018 2025 C-F
67%
1520 Bennedict Mathurin 5566 IND 2023 2025 G-F
67%
639 Ben Simmons 15549 PHI,BRK,LAC 2018 2025 G-F
67%
276 Bill Cartwright 24930 NYK,CHI,SEA 1980 1995 C
67%
1919 Bill Turner 3164 SFW,CIN,GSW,LAL,POR 1968 1973 F
67%
1306 Bill Wennington 7157 DAL,SAC,CHI 1986 2000 C
67%
633 B.J. Armstrong 15747 CHI,GSW,CHH,ORL 1990 2000 G
67%
1226 Bobby Simmons 7972 WAS,LAC,MIL,NJN,SAS 2002 2012 G-F
67%
759 Bogdan Bogdanovic 13631 SAC,ATL,LAC 2018 2025 G
67%
543 Bojan Bogdanovic 17647 BRK,WAS,IND,UTA,DET,NYK 2015 2024 G-F
67%
1509 Brandan Wright 5646 GSW,NJN,DAL,BOS,PHO,MEM,HOU 2008 2018 F-C
67%
808 Brandon Bass 12918 NOK,DAL,ORL,BOS,LAL,LAC 2006 2017 F
67%
574 Brandon Jennings 16965 MIL,DET,ORL,NYK,WAS 2010 2018 G
67%
919 Brandon Roy 11357 POR,MIN 2007 2013 G
67%
770 Brendan Haywood 13487 WAS,DAL,CHA,CLE 2002 2015 C
67%
432 Brian Shaw 20487 BOS,MIA,ORL,GSW,PHI,POR,LAL 1989 2003 G
67%
822 Bruce Bowen 12644 MIA,BOS,PHI,SAS 1997 2009 F
67%
511 Buddy Hield 18391 NOP,SAC,IND,PHI,GSW 2017 2025 G-F
67%
717 Calbert Cheaney 14206 WSB,WAS,BOS,DEN,UTA,GSW 1994 2006 G-F
67%
1774 Cam Reddish 3878 ATL,NYK,POR,LAL 2020 2025 F
67%
668 Caris LeVert 15028 BRK,IND,CLE,ATL 2017 2025 G-F
67%
1038 Carl Landry 9829 HOU,SAC,NOH,GSW,PHI 2008 2016 F
67%
1132 Carlos Arroyo 8834 DEN,TOR,UTA,DET,ORL,MIA,BOS 2002 2011 G
67%
1149 Carlos Delfino 8662 DET,TOR,MIL,HOU 2005 2013 G
67%
1708 Carlos Rogers 4195 GSW,TOR,POR,HOU,IND 1995 2002 C-F
67%
1404 Charles Dudley 6297 SEA,GSW,CHI 1973 1979 G
67%
1007 Chris Andersen 10146 DEN,NOH,NOK,MIA,MEM,CLE 2002 2017 C-F
67%
907 Chris Dudley 11484 CLE,NJN,POR,NYK,PHO 1988 2003 C
67%
563 Chris Kaman 17180 LAC,NOH,DAL,LAL,POR 2004 2016 C
67%
310 Christian Laettner 23846 MIN,ATL,DET,DAL,WAS,MIA 1993 2005 F-C
67%
1055 Chris Wilcox 9706 LAC,SEA,NYK,OKC,DET,BOS 2003 2013 F
67%
1332 Chuck Cooper 6933 BOS,MLH,FTW,STL 1951 1956 F
67%
737 Chucky Atkins 13916 ORL,DET,BOS,LAL,MEM,WAS,DEN,OKC 2000 2010 G
67%
457 Clint Capela 19611 HOU,ATL 2015 2025 C
67%
1027 Cody Zeller 9916 CHA,CHO,POR,MIA,NOP 2014 2024 C-F
67%
856 Collin Sexton 12182 CLE,UTA 2019 2025 G
67%
915 Connie Simmons 11384 BOS,BLB,NYK,SYR,ROC 1947 1956 C-F
67%
748 Corey Brewer 13745 MIN,DAL,DEN,HOU,LAL,OKC,PHI,SAC 2008 2020 F-G
67%
1573 Corey Kispert 5108 WAS 2022 2025 G-F
67%
1710 Cory Alexander 4181 SAS,DEN,ORL,CHA 1996 2005 G
67%
682 Cory Joseph 14731 SAS,TOR,IND,SAC,DET,GSW,ORL 2012 2025 G
67%
519 Craig Ehlo 18136 HOU,CLE,ATL,SEA 1984 1997 G-F
67%
425 Cuttino Mobley 20662 HOU,ORL,SAC,LAC 1999 2009 G
67%
1253 Daniel Gafford 7772 CHI,WAS,DAL 2020 2025 C-F
67%
444 Danilo Gallinari 20103 NYK,DEN,LAC,OKC,ATL,DET,MIL,WAS 2009 2024 F
67%
1256 Danny Fortson 7743 DEN,BOS,GSW,DAL,SEA 1998 2007 F
67%
591 Danny Granger 16645 IND,LAC,MIA 2006 2015 F
67%
306 Danny Manning 23923 LAC,ATL,PHO,MIL,UTA,DAL,DET 1989 2003 F-C
67%
1656 Dante Exum 4526 UTA,CLE,DAL 2015 2025 G
67%
689 Darius Garland 14628 CLE 2020 2025 G
67%
1381 Darko Milicic 6512 DET,ORL,MEM,MIN,NYK,BOS 2004 2013 F-C
67%
492 Darrell Armstrong 18771 ORL,NOH,DAL,IND,NJN 1995 2008 G
67%
1360 Darrell Arthur 6752 MEM,DEN 2009 2018 F
67%
442 Darrell Griffith 20247 UTA 1981 1991 G
67%
459 Darren Collison 19536 NOH,IND,DAL,LAC,SAC,LAL 2010 2022 G
67%
1054 David Wingate 9706 PHI,SAS,WSB,CHH,SEA,NYK 1987 2001 G-F
67%
1950 Day'Ron Sharpe 3022 BRK 2022 2025 C
67%
401 De'Aaron Fox 21436 SAC,SAS 2018 2025 G
67%
728 Deandre Ayton 14050 PHO,POR 2019 2025 C
67%
1218 De'Andre Hunter 8084 ATL,CLE 2020 2025 F
67%
1265 De'Anthony Melton 7601 PHO,MEM,PHI,GSW 2019 2025 G
67%
541 Dejounte Murray 17693 SAS,ATL,NOP 2017 2025 G
67%
1024 Delon Wright 9977 TOR,MEM,DAL,DET,SAC,ATL,WAS,MIA,MIL,NYK 2016 2025 G
67%
1142 Deni Avdija 8743 WAS,POR 2021 2025 G-F
67%
278 Dennis Schroder 24895 ATL,OKC,LAL,BOS,HOU,BRK,TOR,DET,GSW 2014 2025 G
67%
911 DeShawn Stevenson 11419 UTA,ORL,WAS,DAL,NJN,ATL 2001 2013 G
67%
961 Desmond Bane 10679 MEM 2021 2025 G
67%
745 Desmond Mason 13779 SEA,MIL,NOK,OKC,SAC 2001 2010 F
67%
251 Dick Van Arsdale 25929 NYK,PHO 1966 1977 G-F
67%
453 D.J. Augustin 19743 CHA,IND,CHI,TOR,DET,OKC,DEN,ORL,HOU,MIL,LAL 2009 2022 G
67%
272 Domantas Sabonis 25154 OKC,IND,SAC 2017 2025 C-F
67%
1532 Don Collins 5424 ATL,WSB,GSW,MIL 1981 1987 F-G
67%
1523 Don May 5555 NYK,BUF,ATL,PHI,KCO 1969 1975 F
67%
986 Donte DiVincenzo 10312 MIL,SAC,GSW,NYK,MIN 2019 2025 G
67%
1089 Dorell Wright 9232 MIA,GSW,PHI,POR 2005 2015 F-G
67%
1797 Dorie Murrey 3758 DET,SEA,BAL,POR 1967 1972 F-C
67%
785 Doug Collins 13212 PHI 1974 1981 G-F
67%
516 Drew Gooden 18248 MEM,ORL,CLE,CHI,SAC,SAS,DAL,LAC,MIL,WAS 2003 2016 F
67%
1001 Dwight Powell 10186 BOS,DAL 2015 2025 F-C
67%
960 Earl Lloyd 10687 WSC,SYR,DET 1951 1960 F-C
67%
415 Ed Macauley 20962 STB,BOS,STL 1950 1959 C-F
67%
1924 Ed Manning 3147 BAL,CHI,POR 1968 1976 F
67%
328 Elden Campbell 23397 LAL,CHH,NOH,SEA,DET,NJN 1991 2005 C
67%
1370 Elston Turner 6624 DAL,DEN,CHI 1982 1989 G-F
67%
628 Emeka Okafor 15883 CHA,NOH,WAS,NOP 2005 2018 C-F
67%
1353 Emmanuel Mudiay 6796 DEN,NYK,UTA,SAC 2016 2022 G
67%
506 Erick Dampier 18465 IND,GSW,DAL,MIA,ATL 1997 2012 C
67%
468 Eric Snow 19291 SEA,PHI,CLE 1996 2008 G
67%
1033 Evan Mobley 9867 CLE 2022 2025 F-C
67%
577 Evan Turner 16900 PHI,IND,BOS,POR,ATL 2011 2020 G
67%
1858 Fabricio Oberto 3490 SAS,WAS,POR 2006 2011 C-F
67%
1021 Franz Wagner 9998 ORL 2022 2025 G-F
67%
1365 Fred Foster 6675 CIN,PHI,DET,CLE,BUF 1969 1977 F
67%
1628 Gabe Vincent 4704 MIA,LAL 2020 2025 G
67%
429 George McGinnis 20506 PHI,DEN,IND 1972 1982 F-C
67%
1582 George Wilson 5059 CIN,CHI,SEA,PHI,PHO,BUF 1965 1971 C
67%
600 George Yardley 16527 FTW,DET,SYR 1954 1960 F-G
67%
1500 Greg Foster 5671 WSB,ATL,MIL,CHI,MIN,UTA,SEA,LAL,TOR 1991 2003 F-C
67%
182 Guy Rodgers 29357 PHW,SFW,CHI,CIN,MIL 1959 1970 G
67%
1184 Hakim Warrick 8278 MEM,CHI,MIL,PHO,CHA,NOH 2006 2013 F
67%
1168 Immanuel Quickley 8479 NYK,TOR 2021 2025 G
67%
1544 Isaac Okoro 5361 CLE 2021 2025 G-F
67%
1683 Isaiah Joe 4339 PHI,OKC 2021 2025 G
67%
1438 Isaiah Stewart 6096 DET 2021 2025 F-C
67%
365 Jack Marin 22076 BAL,HOU,BUF,CHI 1967 1977 F-G
67%
1535 Jaden Ivey 5412 DET 2023 2025 G
67%
1234 Jaden McDaniels 7887 MIN 2021 2025 F
67%
1670 Jahlil Okafor 4456 PHI,BRK,NOP,DET,IND 2016 2025 C-F
67%
796 Jakob Poeltl 13114 TOR,SAS 2017 2025 C
67%
1871 Jalen McDaniels 3429 CHO,PHI,TOR,WAS 2020 2025 F
67%
1552 Jalen Suggs 5302 ORL 2022 2025 G
67%
894 Jamaal Magloire 11598 CHH,NOH,MIL,POR,DAL,NJN,MIA,TOR 2001 2012 C
67%
684 Jamaal Tinsley 14720 IND,MEM,UTA 2002 2014 G
67%
379 Jamal Mashburn 21896 DAL,MIA,CHH,NOH 1994 2004 F
67%
421 Jamal Murray 20727 DEN 2017 2025 G
67%
595 James Posey 16560 DEN,HOU,MEM,MIA,BOS,NOH,IND 2000 2011 F-G
67%
688 Ja Morant 14663 MEM 2020 2025 G
67%
765 Jared Dudley 13557 CHA,PHO,LAC,MIL,WAS,BRK,LAL 2008 2021 F-G
67%
1601 Jarron Collins 4888 UTA,PHO,LAC,POR 2002 2011 F-C
67%
1207 Jason Collins 8159 NJN,MEM,MIN,ATL,BOS,WAS,BRK 2002 2014 C
67%
1533 Jason Kapono 5413 CLE,CHA,MIA,TOR,PHI,LAL 2004 2012 F
67%
642 Jay Vincent 15521 DAL,WSB,DEN,SAS,LAL,PHI 1982 1990 F
67%
878 Jeff Foster 11843 IND 2000 2012 F-C
67%
289 Jeff Mullins 24587 STL,SFW,GSW 1965 1976 G-F
67%
293 Jeff Teague 24429 ATL,IND,MIN,BOS,MIL 2010 2021 G
67%
1279 Jeff Turner 7430 NJN,ORL 1985 1996 F-C
67%
975 Jerryd Bayless 10427 POR,NOH,TOR,MEM,BOS,MIL,PHI,MIN 2009 2019 G
67%
852 Jim Brewer 12213 CLE,DET,POR,LAL 1974 1982 F-C
67%
640 Jim Fox 15548 CIN,DET,PHO,CHI,SEA,MIL,NYN 1968 1977 C-F
67%
466 Jim Paxson 19312 POR,BOS 1980 1990 G-F
67%
576 J.J. Barea 16924 DAL,MIN 2007 2020 G
67%
995 J.J. Hickson 10251 CLE,POR,SAC,DEN,WAS 2009 2016 F-C
67%
1236 Jodie Meeks 7881 MIL,PHI,LAL,DET,ORL,WAS,TOR 2010 2019 G
67%
580 John Bagley 16837 CLE,NJN,BOS,ATL 1983 1994 G
67%
719 John Collins 14191 ATL,UTA 2018 2025 F
67%
288 John Drew 24643 ATL,UTA 1975 1985 F-G
67%
1248 John Henson 7794 MIL,CLE,DET 2013 2020 C-F
67%
725 John Paxson 14080 SAS,CHI 1984 1994 G
67%
583 John Salmons 16713 PHI,SAC,CHI,MIL,TOR,NOP 2003 2015 G-F
67%
348 John Starks 22734 GSW,NYK,CHI,UTA 1989 2002 G
67%
1814 John Warren 3673 NYK,CLE 1970 1974 G-F
67%
1481 Jonathan Kuminga 5833 GSW 2022 2025 F
67%
1694 Jonathon Simmons 4263 SAS,ORL,PHI 2016 2019 G-F
67%
1913 Jonny Flynn 3208 MIN,HOU,POR 2010 2012 G
67%
1011 Josh Giddey 10127 OKC,CHI 2022 2025 G
67%
1382 Josh McRoberts 6506 POR,IND,LAL,CHA,ORL,MIA,DAL 2008 2018 F-C
67%
575 Jusuf Nurkic 16956 DEN,POR,PHO,CHO 2015 2025 C
67%
1507 Keegan Murray 5650 SAC 2023 2025 F
67%
1156 Keith Bogans 8607 ORL,CHA,HOU,MIL,SAS,CHI,NJN,BRK,BOS 2004 2014 G-F
67%
434 Kelly Tripucka 20465 DET,UTA,CHH 1982 1991 F-G
67%
265 Kendall Gill 25340 CHH,SEA,NJN,MIA,MIN,CHI,MIL 1991 2005 G
67%
1728 Kendrick Nunn 4123 MIA,LAL,WAS 2020 2023 G
67%
1931 Ken Murray 3108 BLB,FTW,PHW 1951 1955 G-F
67%
733 Kerry Kittles 13974 NJN,LAC 1997 2005 G
67%
657 Kevin Duckworth 15281 POR,SAS,WSB,MIL,LAC 1987 1997 C
67%
981 Kevon Looney 10348 GSW 2016 2025 F-C
67%
1771 Kim Hughes 3881 NYN,NJN,DEN,CLE 1976 1981 C
67%
555 Kristaps Porzingis 17413 NYK,DAL,WAS,BOS 2016 2025 F-C
67%
704 Lamond Murray 14429 LAC,CLE,TOR,NJN 1995 2006 F
67%
1744 Landry Fields 4027 NYK,TOR 2011 2015 F
67%
532 Larry Drew 17836 DET,KCK,SAC,LAC,LAL 1981 1991 G
67%
436 Larry Hughes 20427 PHI,GSW,WAS,CLE,CHI,NYK,CHA,ORL 1999 2012 G
67%
1769 Larry Sanders 3888 MIL,CLE 2011 2017 C-F
67%
1743 Larry Stewart 4032 WSB,SEA 1992 1997 F
67%
1348 Larry Wright 6817 WSB,DET 1977 1982 G
67%
1581 Leonard Gray 5060 SEA,WSB 1975 1977 F
67%
1969 Leon Powe 2928 BOS,CLE,MEM 2007 2011 F
67%
1041 Lewis Lloyd 9817 GSW,HOU,PHI 1982 1990 G-F
67%
1425 Linas Kleiza 6190 DEN,TOR 2006 2013 F
67%
551 Lindsey Hunter 17499 DET,MIL,LAL,TOR,CHI 1994 2010 G
67%
824 Lionel Simmons 12611 SAC 1991 1997 F-G
67%
757 Lorenzen Wright 13664 LAC,ATL,MEM,SAC,CLE 1997 2009 F-C
67%
1722 Lou Amundson 4134 PHI,UTA,PHO,GSW,IND,CHI,MIN,NOH,NOP,CLE,NYK 2007 2016 F-C
67%
1864 Louie Dampier 3465 SAS 1968 1979 G
67%
1159 Luke Kennard 8554 DET,LAC,MEM 2018 2025 G
67%
678 Malcolm Brogdon 14874 MIL,IND,BOS,POR,WAS 2017 2025 G
67%
703 Marco Belinelli 14448 GSW,TOR,NOH,CHI,SAS,SAC,CHO,ATL,PHI 2008 2020 G-F
67%
1120 Marcus Thornton 9001 NOH,SAC,BRK,BOS,PHO,HOU,WAS 2010 2017 G
67%
496 Mark Eaton 18627 UTA 1983 1993 C
67%
1881 Mark Macon 3377 DEN,DET 1992 1999 G
67%
1419 Marvin Bagley III 6223 SAC,DET,WAS,MEM 2019 2025 F-C
67%
478 Mason Plumlee 19008 BRK,POR,DEN,DET,CHO,LAC,PHO 2014 2025 C-F
67%
1615 Matt Carroll 4792 POR,SAS,CHA,DAL 2004 2013 G
67%
1016 Matt Geiger 10070 MIA,CHH,PHI 1993 2002 C
67%
718 Matt Harpring 14195 ORL,CLE,PHI,UTA 1999 2009 F
67%
1294 Max Strus 7249 CHI,MIA,CLE 2020 2025 G
67%
560 Mehmet Okur 17200 DET,UTA,NJN 2003 2012 C-F
67%
330 Michael Cooper 23246 LAL 1979 1990 G-F
67%
1091 Michael Olowokandi 9226 LAC,MIN,BOS 1999 2007 C
67%
410 Mike Dunleavy Jr. 21196 GSW,IND,MIL,CHI,ATL,CLE 2003 2017 F-G
67%
1122 Mike Dunleavy Sr. 8998 PHI,HOU,SAS,MIL 1977 1990 G
67%
982 Mike Sanders 10347 SAS,PHO,CLE,IND 1983 1993 F-G
67%
1900 Miles McBride 3276 NYK 2022 2025 G
67%
1742 Miles Plumlee 4036 IND,PHO,MIL,CHO,ATL 2013 2019 C-F
67%
1452 Moritz Wagner 6024 LAL,WAS,BOS,ORL 2019 2025 F-C
67%
771 Morris Peterson 13475 TOR,NOH,OKC 2001 2011 F
67%
1877 Moses Moody 3383 GSW 2022 2025 G
67%
292 Muggsy Bogues 24504 WSB,CHH,GSW,TOR 1988 2001 G
67%
502 Myles Turner 18520 IND 2016 2025 C-F
67%
792 Nazr Mohammed 13152 PHI,ATL,NYK,SAS,DET,CHA,OKC,CHI 1999 2016 C
67%
1155 Nerlens Noel 8609 PHI,DAL,OKC,NYK,BRK,DET 2015 2023 C-F
67%
1255 Nic Claxton 7745 BRK 2020 2025 C
67%
743 Nick Collison 13830 SEA,OKC 2005 2018 F
67%
747 Norman Powell 13757 TOR,POR,LAC 2016 2025 G
67%
1396 Obi Toppin 6373 NYK,IND 2021 2025 F
67%
840 OG Anunoby 12330 TOR,NYK 2018 2025 F
67%
1361 Onyeka Okongwu 6740 ATL 2021 2025 F
67%
1160 Paolo Banchero 8544 ORL 2023 2025 F
67%
304 Pascal Siakam 24051 TOR,IND 2017 2025 F-C
67%
1135 Pat Connaughton 8812 POR,MIL 2016 2025 G
67%
392 Paul Pressey 21519 MIL,SAS,GSW 1983 1993 G-F
67%
311 Purvis Short 23845 GSW,HOU,NJN 1979 1990 F-G
67%
1639 Quentin Grimes 4612 NYK,DET,DAL,PHI 2022 2025 G
67%
1701 Quinton Ross 4221 LAC,MEM,DAL,WAS,NJN 2005 2011 G
67%
636 Ralph Sampson 15689 HOU,GSW,SAC,WSB 1984 1992 C-F
67%
643 Ramon Sessions 15512 MIL,MIN,CLE,LAL,CHA,SAC,WAS,CHO,NYK 2008 2018 G
67%
973 Randy Breuer 10464 MIL,MIN,ATL,SAC 1984 1994 C
67%
786 Rasho Nesterovic 13208 MIN,SAS,TOR,IND 1999 2010 C
67%
1262 Reggie Bullock 7640 LAC,PHO,DET,LAL,NYK,DAL,HOU 2014 2024 G-F
67%
193 Richie Guerin 28607 NYK,STL,ATL 1957 1970 G
67%
420 Rick Fox 20788 BOS,LAL 1992 2004 F-G
67%
445 Rick Mahorn 19964 WSB,DET,PHI,NJN 1981 1999 C-F
67%
1140 Rick Roberson 8796 LAL,CLE,POR,NOJ,KCK 1970 1976 C-F
67%
356 Ricky Rubio 22468 MIN,UTA,PHO,CLE 2012 2023 G
67%
1943 Rod Foster 3051 PHO 1984 1986 G
67%
1196 Rodney Hood 8224 UTA,CLE,POR,TOR,LAC,MIL 2015 2022 G-F
67%
464 Rodney Rogers 19403 DEN,LAC,PHO,BOS,NJN,NOH,PHI 1994 2005 F
67%
626 Rodney Stuckey 15935 DET,IND 2008 2017 G
67%
1107 Rod Thorn 9119 BAL,DET,STL,SEA 1964 1971 G
67%
1454 Roger Mason 6004 CHI,TOR,WAS,SAS,NYK,NOH,MIA 2003 2014 G
67%
1104 Ronald Murray 9129 MIL,SEA,CLE,DET,IND,ATL,CHA,CHI 2003 2010 G
67%
1035 Ron Brewer 9849 POR,SAS,CLE,GSW,NJN,CHI 1979 1986 G
67%
1182 Ronnie Brewer 8314 UTA,MEM,CHI,NYK,OKC,HOU 2007 2014 G-F
67%
452 Rony Seikaly 19748 MIA,GSW,ORL,NJN 1989 1999 C
67%
1851 Royal Ivey 3522 ATL,MIL,PHI,OKC 2005 2014 G
67%
656 Roy Hibbert 15306 IND,LAL,CHO,DEN 2009 2017 C
67%
1874 Ryan Bowen 3417 DEN,HOU,NOH,OKC 2000 2010 F
67%
1845 Sam Hauser 3545 BOS 2022 2025 F
67%
1853 Sam Mack 3518 SAS,HOU,VAN,GSW,MIA 1993 2002 F-G
67%
1246 Sam Vincent 7806 BOS,CHI,SEA,ORL 1986 1992 G
67%
1511 Sasha Pavlovic 5622 UTA,CLE,MIN,BOS,DAL,NOH,POR 2004 2013 G-F
67%
1371 Sasha Vujacic 6605 LAL,NJN,LAC,NYK 2005 2017 G
67%
1808 Scott Lloyd 3693 MIL,BUF,CHI,SDC,DAL 1977 1983 C-F
67%
1351 Scott May 6801 CHI,MIL,DET 1977 1983 F
67%
438 Sean Elliott 20371 SAS,DET 1990 2001 F
67%
298 Serge Ibaka 24315 OKC,ORL,TOR,LAC,MIL 2010 2023 F-C
67%
1804 Shabazz Muhammad 3713 MIN,MIL 2014 2018 F-G
67%
1689 Shaedon Sharpe 4306 POR 2023 2025 G
67%
1468 Shake Milton 5947 PHI,DET,MIN,NYK,BRK,LAL 2019 2025 G
67%
1854 Sharone Wright 3518 PHI,TOR 1995 1998 F-C
67%
1280 Shelvin Mack 7409 WAS,ATL,PHI,UTA,ORL,CHO,MEM 2012 2019 G
67%
274 Sidney Moncrief 24976 MIL,ATL 1980 1991 G
67%
260 Sidney Wicks 25569 POR,BOS,SDC 1972 1981 F-C
67%
1260 Speedy Claxton 7678 PHI,SAS,GSW,NOH,NOK,ATL 2002 2009 G
67%
545 Spencer Dinwiddie 17590 DET,BRK,DAL,WAS,LAL 2015 2025 G
67%
242 Spencer Haywood 26076 SEA,NYK,NOJ,LAL,WSB 1970 1983 F-C
67%
638 Steve Blake 15665 WAS,POR,DEN,MIL,LAC,LAL,GSW,DET 2004 2016 G
67%
1780 Steven Hunter 3849 ORL,PHO,PHI,DEN,MEM 2002 2010 C
67%
775 Terrence Ross 13367 TOR,ORL,PHO 2013 2023 F-G
67%
807 Thabo Sefolosha 12959 CHI,OKC,ATL,UTA,HOU 2007 2020 G-F
67%
1817 Tim Legler 3663 PHO,DEN,DAL,UTA,GSW,WSB,WAS 1990 2000 G
67%
1343 Timofey Mozgov 6858 DEN,NYK,CLE,LAL,BRK 2011 2018 C
67%
581 T.J. McConnell 16756 PHI,IND 2016 2025 G
67%
1154 T.J. Warren 8615 PHO,IND,BRK,MIN 2015 2024 F
67%
428 Tom Gola 20593 PHW,NYK,SFW 1956 1966 G-F
67%
390 Tom Gugliotta 21585 WSB,GSW,MIN,PHO,UTA,ATL,BOS 1993 2005 F
67%
491 Tom Sanders 18772 BOS 1961 1973 F
67%
352 Tom Van Arsdale 22590 DET,CIN,KCO,PHI,ATL,PHO 1966 1977 F-G
67%
343 Toni Kukoc 22919 CHI,PHI,ATL,MIL 1994 2006 F
67%
795 Tony Campbell 13124 DET,LAL,MIN,NYK,DAL,CLE 1985 1995 F-G
67%
1093 Tracy Murray 9219 POR,HOU,TOR,WSB,WAS,DEN,LAL 1993 2004 F
67%
512 Tree Rollins 18390 ATL,CLE,DET,HOU,ORL 1978 1995 C
67%
760 Tyler Herro 13617 MIA 2020 2025 G
67%
1457 Tyler Zeller 5977 CLE,BOS,BRK,MIL,ATL,MEM,SAS 2013 2020 F-C
67%
658 Tyrese Haliburton 15276 SAC,IND 2021 2025 G
67%
897 Tyrese Maxey 11574 PHI 2021 2025 G
67%
605 Udonis Haslem 16438 MIA 2004 2023 F-C
67%
1619 Victor Alexander 4770 GSW,DET 1992 2002 C-F
67%
593 Victor Oladipo 16604 ORL,OKC,IND,HOU,MIA 2014 2023 G
67%
454 Walt Hazzard 19713 LAL,SEA,ATL,BUF,GSW 1965 1974 G
67%
403 Wayman Tisdale 21378 IND,SAC,PHO 1986 1997 F-C
67%
508 Wayne Cooper 18426 GSW,UTA,DAL,POR,DEN 1979 1992 C-F
67%
1414 Will Bynum 6246 GSW,DET,WAS 2006 2015 G
67%
850 Winston Garland 12229 GSW,LAC,DEN,HOU,MIN 1988 1995 G
67%
1336 Zach Collins 6921 POR,SAS,CHI 2018 2025 C-F
67%
359 Zydrunas Ilgauskas 22453 CLE,MIA 1998 2011 C
67%
1538 Aaron Nesmith 5398 BOS,IND 2021 2025 G-F
33%
1157 Adonal Foyle 8605 GSW,ORL,MEM 1998 2009 C
33%
774 Al-Farouq Aminu 13388 LAC,NOH,NOP,DAL,POR,ORL,CHI 2011 2021 F
33%
1530 Alonzo Gee 5479 WAS,CLE,SAS,DEN,POR,NOP 2010 2017 G
33%
1000 Alperen Sengun 10202 HOU 2022 2025 C-F
33%
1800 Amir Coffey 3740 LAC 2020 2025 G
33%
1959 Andrew Nicholson 2978 ORL,BRK,WAS 2013 2017 F
33%
670 Andrew Toney 15015 PHI 1981 1988 G
33%
794 Arvydas Sabonis 13142 POR 1996 2003 C
33%
1963 Austin Daye 2953 DET,MEM,SAS,TOR,ATL 2010 2015 F
33%
1228 Ben McLemore 7956 SAC,MEM,HOU,LAL,POR 2014 2022 G
33%
645 Beno Udrih 15463 SAS,SAC,MIL,ORL,MEM,NYK,MIA,DET 2005 2017 G
33%
617 Bimbo Coles 16118 MIA,GSW,ATL,CLE,BOS 1991 2004 G
33%
832 Bismack Biyombo 12518 CHA,CHO,TOR,ORL,PHO,MEM,OKC,SAS 2012 2025 C-F
33%
804 Bob Davies 12982 ROC 1949 1955 G-F
33%
819 Bob Kauffman 12692 SEA,CHI,BUF,ATL 1969 1975 F-C
33%
1824 Brandin Podziemski 3641 GSW 2024 2025 G
33%
1165 Brian Taylor 8501 KCK,DEN,SDC 1973 1982 G
33%
450 Brian Winters 19762 LAL,MIL 1975 1983 G-F
33%
1878 Bud Olsen 3379 CIN,SFW,SEA,BOS,DET 1963 1970 F-C
33%
474 Calvin Natt 19098 NJN,POR,DEN,SAS,IND 1980 1990 F
33%
1127 Cameron Payne 8952 OKC,CHI,CLE,PHO,MIL,PHI,NYK 2016 2025 G
33%
465 Carl Braun 19389 NYK,BOS 1948 1962 G-F
33%
667 Cedric Ceballos 15061 PHO,LAL,DAL,DET,MIA 1991 2001 F
33%
347 Cedric Maxwell 22735 BOS,LAC,HOU 1978 1988 F
33%
945 Chandler Parsons 10915 HOU,DAL,MEM,ATL 2012 2020 F
33%
664 Channing Frye 15125 NYK,POR,PHO,ORL,CLE,LAL 2006 2019 C-F
33%
1271 Charlie Criss 7517 ATL,SDC,MIL 1978 1985 G
33%
887 Charlie Villanueva 11667 TOR,MIL,DET,DAL 2006 2016 F
33%
814 Charlie Ward 12799 NYK,SAS,HOU 1995 2005 G
33%
1674 Chick Halbert 4429 CHS,PHW,BOS,PRO,WSC,BLB 1947 1951 C
33%
1347 Chris Boucher 6823 GSW,TOR 2018 2025 F
33%
904 Chris Duhon 11542 CHI,NYK,ORL,LAL 2005 2013 G
33%
802 Chris Gatling 12989 GSW,MIA,DAL,NJN,MIL,DEN,ORL,CLE 1992 2002 F-C
33%
1624 Christian Braun 4741 DEN 2023 2025 G
33%
1079 Clark Kellogg 9414 IND 1983 1987 F
33%
238 Cliff Hagan 26235 STL 1957 1970 F-G
33%
488 Clifford Ray 18844 CHI,GSW 1972 1981 C
33%
354 Clyde Lovellette 22502 MNL,CIN,STL,BOS 1954 1964 C-F
33%
834 Curtis Perry 12425 SDR,HOU,MIL,PHO 1971 1978 F
33%
562 Dana Barros 17189 SEA,PHI,BOS,DET 1990 2004 G
33%
283 Dan Roundfield 24781 IND,ATL,DET,WSB 1976 1987 F-C
33%
972 Dario Saric 10465 PHI,MIN,PHO,OKC,GSW,DEN 2017 2025 F-C
33%
1682 Darius Bazley 4344 OKC,PHO,PHI,UTA 2020 2024 F
33%
1593 Darren Daye 4950 WSB,BOS,CHI 1984 1988 F-G
33%
447 Dave Greenwood 19890 CHI,SAS,DEN,DET 1980 1991 F-C
33%
1391 Davis Bertans 6423 SAS,WAS,DAL,CHO,OKC 2017 2024 F
33%
1379 DeJuan Blair 6539 SAS,DAL,WAS 2010 2016 F-C
33%
1275 Devin Vassell 7486 SAS 2021 2025 G-F
33%
1014 Dick Garmaker 10089 MNL,NYK 1956 1961 G-F
33%
1826 Donatas Motiejunas 3638 HOU,NOP,SAS 2013 2019 F-C
33%
716 Don Chaney 14218 BOS,LAL 1969 1980 G
33%
1102 Doug McDermott 9147 CHI,OKC,DAL,NYK,IND,SAS,SAC 2015 2025 F
33%
1292 Drazen Petrovic 7269 POR,NJN 1990 1993 G
33%
891 Earl Boykins 11624 CLE,NJN,ORL,LAC,GSW,DEN,MIL,CHA,WAS,HOU 1999 2012 G
33%
1834 Ekpe Udoh 3611 GSW,MIL,LAC,UTA 2011 2019 C-F
33%
1178 Elliot Perry 8358 CHH,LAC,PHO,MIL,NJN,ORL,MEM 1992 2002 G
33%
1880 Eric Maynor 3378 OKC,UTA,POR,PHI,WAS 2010 2014 G
33%
1605 Ernie Vandeweghe 4874 NYK 1950 1956 F-G
33%
1649 Francisco Elson 4572 DEN,SAS,SEA,MIL,PHI,UTA 2004 2012 C
33%
1204 Francisco Garcia 8187 SAC,HOU 2006 2015 F-G
33%
613 Frank Ramsey 16183 BOS 1955 1964 F-G
33%
828 Frank Selvy 12569 BLB,MLH,STL,MNL,NYK,SYR,LAL 1955 1964 G-F
33%
1897 Garrison Mathews 3281 WAS,HOU,ATL 2020 2025 G
33%
1203 Gary Trent 8195 POR,TOR,DAL,MIN 1996 2004 F
33%
1137 Gary Trent Jr. 8804 POR,TOR,MIL 2019 2025 G
33%
1471 Gheorghe Muresan 5940 WSB,NJN 1994 2000 C
33%
1687 Goga Bitadze 4323 IND,ORL 2020 2025 C
33%
398 Grant Long 21454 MIA,ATL,DET,VAN,MEM,BOS 1989 2003 F
33%
431 Greg Ballard 20490 WSB,GSW,SEA 1978 1989 F
33%
934 Greg Ostertag 11135 UTA,SAC 1996 2006 C
33%
1148 Hot Rod Hundley 8688 MNL,LAL 1958 1963 G
33%
756 Howard Eisley 13664 MIN,SAS,UTA,DAL,NYK,PHO,DEN,LAC 1995 2006 G
33%
1229 Ian Mahinmi 7922 SAS,DAL,IND,WAS 2008 2020 C
33%
1209 Iman Shumpert 8154 NYK,CLE,HOU,SAC,BRK 2012 2021 G
33%
1813 Ime Udoka 3673 LAL,NYK,POR,SAS,SAC 2004 2011 F
33%
634 Isaiah Rider 15715 MIN,POR,ATL,LAL,DEN 1994 2002 G
33%
722 Ivica Zubac 14145 LAL,LAC 2017 2025 C
33%
941 Jack Nichols 10954 WSC,TRI,MLH,BOS 1949 1958 C-F
33%
246 Jack Twyman 25986 ROC,CIN 1956 1966 F-G
33%
1563 Jae'Sean Tate 5217 HOU 2021 2025 F
33%
1697 Jamario Moon 4247 TOR,MIA,CLE,LAC,CHA 2008 2012 F
33%
1005 James Bailey 10159 SEA,NJN,HOU,NYK,PHO 1980 1988 F-C
33%
1796 James Hardy 3765 NOJ,UTA 1979 1982 F-C
33%
1539 Jarred Vanderbilt 5392 DEN,MIN,LAL,UTA 2019 2025 F
33%
1259 Jason Maxiell 7681 DET,ORL,CHO 2006 2015 F-C
33%
868 Jeff McInnis 12070 DEN,WAS,LAC,POR,CLE,NJN,CHA 1997 2008 G
33%
842 Jeff Ruland 12298 WSB,PHI,DET 1982 1993 C-F
33%
209 Jerome Kersey 27658 POR,GSW,LAL,SEA,SAS,MIL 1985 2001 F
33%
761 Jim Cleamons 13611 LAL,CLE,NYK,WSB 1972 1980 G
33%
1282 Jim Loscutoff 7393 BOS 1956 1964 F
33%
1922 Jiri Welsch 3152 GSW,BOS,CLE,MIL 2003 2006 G
33%
673 Joe Ingles 14939 UTA,MIL,ORL,MIN 2015 2025 F-G
33%
1266 Joel Przybilla 7578 MIL,ATL,POR,CHA 2001 2013 C
33%
1585 Johan Petro 5031 SEA,DEN,OKC,NJN,ATL 2006 2013 C
33%
1772 John Konchar 3881 MEM 2020 2025 G
33%
460 John Long 19527 DET,IND,ATL,TOR 1979 1997 G-F
33%
753 John Salley 13711 DET,MIA,CHI,TOR,LAL 1987 2000 F-C
33%
1177 Jonas Jerebko 8360 DET,BOS,UTA,GSW 2010 2019 F
33%
1623 Jonathan Isaac 4752 ORL 2018 2025 F
33%
1691 Jose Alvarado 4305 NOP 2022 2025 G
33%
1293 Josh Childress 7257 ATL,PHO,BRK,NOP 2005 2014 G-F
33%
1369 Juan Dixon 6627 WAS,POR,TOR,DET 2003 2009 G
33%
588 Keith Erickson 16654 SFW,CHI,LAL,PHO 1966 1977 F-G
33%
692 Kelly Oubre Jr. 14621 WAS,PHO,GSW,CHO,PHI 2016 2025 F
33%
592 Ken Norman 16638 LAC,MIL,ATL 1988 1997 F
33%
793 Kevin Grevey 13146 WSB,MIL 1976 1985 G-F
33%
918 Kevin Huerter 11371 ATL,SAC,CHI 2019 2025 G
33%
996 Keyon Dooling 10249 LAC,MIA,ORL,NJN,MIL,BOS,MEM 2001 2013 G
33%
1108 Kosta Koufos 9104 UTA,DEN,MIN,MEM,SAC 2009 2019 C
33%
1158 Kris Dunn 8596 MIN,CHI,ATL,POR,UTA,LAC 2017 2025 G
33%
578 Larry Kenon 16855 SAS,CHI,CLE,GSW 1974 1983 F
33%
780 Lauri Markkanen 13308 CHI,CLE,UTA 2018 2025 F-C
33%
1672 Lee Nailon 4448 CHH,NYK,ATL,CLE,ORL,NOH,PHI 2001 2006 F
33%
1199 Leon Douglas 8205 DET,KCK 1977 1983 C-F
33%
959 Luc Longley 10723 MIN,CHI,PHO,NYK 1992 2001 C
33%
1065 Luc Mbah a Moute 9612 MIL,MIN,SAC,PHI,LAC,HOU 2009 2020 F
33%
1660 Luke Kornet 4523 NYK,CHI,BOS,CLE,MIL 2018 2025 C-F
33%
509 Luke Ridnour 18416 SEA,MIL,MIN,CHA,ORL 2004 2015 G
33%
690 Mahmoud Abdul-Rauf 14627 DEN,SAC,VAN 1991 2001 G
33%
877 Malik Monk 11873 CHO,LAL,SAC 2018 2025 G
33%
1319 Manute Bol 7080 WSB,GSW,PHI,MIA 1986 1995 C
33%
1466 Marc Iavaroni 5949 PHI,SAS,UTA 1983 1989 F
33%
681 Mario Elie 14797 GSW,PHI,POR,HOU,SAS,PHO 1991 2001 G-F
33%
1640 Marquese Chriss 4605 PHO,CLE,HOU,GSW,DAL 2017 2022 F
33%
969 Marreese Speights 10490 PHI,MEM,CLE,GSW,LAC,ORL 2009 2018 C-F
33%
1706 Matisse Thybulle 4199 PHI,POR 2020 2025 G
33%
1105 Matt Bonner 9123 TOR,SAS 2005 2016 F
33%
1440 Matt Bullard 6091 HOU,ATL,CHH 1991 2002 F
33%
1267 Matthew Dellavedova 7575 CLE,MIL,SAC 2014 2023 G
33%
1125 Maurice Stokes 8962 ROC,CIN 1956 1958 F-C
33%
1004 Maurice Taylor 10168 LAC,HOU,NYK,SAC 1998 2007 F
33%
1334 Maxi Kleber 6925 DAL,LAL 2018 2025 F
33%
1026 McCoy McLemore 9938 SFW,CHI,DET,PHO,CLE,MIL,HOU 1965 1972 F-C
33%
672 Mel Counts 15002 BOS,BAL,LAL,PHO,PHI,NOJ 1965 1976 C-F
33%
1736 Melvin Ely 4065 LAC,CHA,SAS,NOH,DEN,NOP 2003 2014 C
33%
1231 Michael Kidd-Gilchrist 7902 CHA,CHO,DAL 2013 2020 F
33%
1389 Mike Muscala 6434 ATL,LAL,PHI,OKC,BOS,DET,WAS 2014 2024 F-C
33%
526 Mike Woodson 17960 NYK,KCK,NJN,SAC,LAC,HOU,CLE 1981 1991 G-F
33%
1647 Mirza Teletovic 4574 BRK,PHO,MIL 2013 2018 F
33%
1506 Mo Bamba 5651 ORL,LAL,PHI,LAC,NOP 2019 2025 C
33%
924 Montrezl Harrell 11280 HOU,LAC,LAL,CHO,WAS,PHI 2016 2023 F-C
33%
1469 Moochie Norris 5946 VAN,SEA,HOU,NYK,NOK 1997 2006 G
33%
386 Nate McMillan 21657 SEA 1987 1998 G-F
33%
472 Neil Johnston 19168 PHW 1952 1959 C
33%
1214 Nenad Krstic 8124 NJN,OKC,BOS 2005 2011 C
33%
1475 Nikola Pekovic 5901 MIN 2011 2016 C
33%
1679 Noah Vonleh 4363 CHO,POR,CHI,NYK,DEN,MIN,BRK,BOS 2015 2023 F-C
33%
279 Norm Van Lier 24883 CIN,CHI,MIL 1970 1979 G
33%
1250 Odie Spears 7787 CHS,ROC,FTW,STL 1949 1957 G
33%
754 O.J. Mayo 13704 MEM,DAL,MIL 2009 2016 G
33%
1289 Omer Asık 7353 CHI,HOU,NOP 2011 2018 C
33%
362 Orlando Woolridge 22347 CHI,NJN,LAL,DEN,DET,MIL,PHI 1982 1994 F
33%
1835 Pablo Prigioni 3588 NYK,HOU,LAC 2013 2016 G
33%
1010 Pervis Ellison 10143 SAC,WSB,BOS,SEA 1990 2001 F-C
33%
521 Phil Chenier 18063 BAL,CAP,WSB,IND,GSW 1972 1981 G
33%
1525 Precious Achiuwa 5517 MIA,TOR,NYK 2021 2025 F
33%
570 Rafer Alston 17061 MIL,TOR,MIA,HOU,ORL,NJN 2000 2010 G
33%
1768 Rashad McCants 3891 MIN,SAC 2006 2009 G
33%
1531 Raul Neto 5465 UTA,PHI,WAS,CLE 2016 2023 G
33%
625 Rex Chapman 15968 CHH,WSB,MIA,PHO 1989 2000 G
33%
1905 Rex Walters 3257 NJN,PHI,MIA 1994 2000 G
33%
1223 Rick Robey 7993 BOS,IND,PHO 1979 1986 C-F
33%
366 Ricky Sobers 22065 PHO,IND,CHI,WSB,SEA 1976 1986 G
33%
811 RJ Barrett 12839 NYK,TOR 2020 2025 G-F
33%
735 Robert Covington 13952 HOU,PHI,MIN,POR,LAC 2014 2024 F-C
33%
1572 Robert Traylor 5115 MIL,CLE,CHH,NOH 1999 2005 F
33%
1967 Rodney Carney 2945 PHI,MIN,GSW,MEM 2007 2011 F
33%
1247 Rui Hachimura 7803 WAS,LAL 2020 2025 F
33%
162 Sam Lacey 30606 CIN,KCO,KCK,NJN,CLE 1971 1983 C
33%
1596 Santi Aldama 4915 MEM 2022 2025 F
33%
353 Scott Wedman 22547 KCO,KCK,CLE,BOS 1975 1987 F-G
33%
1802 Shane Larkin 3732 DAL,NYK,BRK,BOS 2014 2018 G
33%
430 Sherman Douglas 20493 MIA,BOS,MIL,NJN,LAC 1990 2001 G
33%
1909 Steve Novak 3231 HOU,LAC,DAL,SAS,NYK,TOR,OKC,UTA,MIL 2007 2017 F
33%
1136 Stromile Swift 8807 VAN,MEM,HOU,NJN,PHO 2001 2009 F
33%
1855 Tari Eason 3516 HOU 2023 2025 F
33%
1953 Ted McClain 3004 DEN,BUF,PHI,PHO 1972 1979 G
33%
363 Thurl Bailey 22288 UTA,MIN 1984 1999 F-C
33%
1330 Tim Perry 6947 PHO,PHI,NJN 1989 1996 F-C
33%
1032 Todd Day 9880 MIL,BOS,MIA,PHO,MIN 1993 2001 G-F
33%
1285 Tomas Satoransky 7382 WAS,CHI,NOP,SAS 2017 2022 G
33%
936 Tom McMillen 11071 BUF,NYK,ATL,WSB 1976 1986 F-C
33%
1431 Toney Douglas 6145 NYK,HOU,SAC,GSW,MIA,NOP,MEM 2010 2017 G
33%
1064 Tony Delk 9632 CHH,GSW,SAC,PHO,BOS,DAL,ATL,DET 1997 2006 G
33%
663 T.R. Dunn 15132 POR,DEN,PHO 1978 1991 G-F
33%
1153 Trenton Hassell 8638 CHI,MIN,DAL,NJN 2002 2010 G
33%
1045 Trey Lyles 9792 UTA,DEN,SAS,DET,SAC 2016 2025 F
33%
1723 Ty Jerome 4134 PHO,OKC,GSW,CLE 2020 2025 G
33%
408 Vernon Maxwell 21227 SAS,HOU,PHI,CHH,ORL,SAC,SEA,DAL 1989 2001 G
33%
1633 Walker Kessler 4655 UTA 2023 2025 C
33%
1820 Xavier Tillman Sr. 3652 MEM,BOS 2021 2025 F
33%
493 Zelmo Beaty 18771 STL,ATL,LAL 1963 1975 C
33%
1281 Adam Keefe 7404 ATL,UTA,GSW 1993 2001 F
0%
680 Al Attles 14808 PHW,SFW 1961 1971 G
0%
938 Al Bianchi 11041 SYR,PHI 1957 1966 G
0%
1832 Al Cervi 3619 SYR 1950 1953 G-F
0%
1973 Al Eberhard 2914 DET 1975 1978 F
0%
1972 Aleksej Pokusevski 2915 OKC,CHO 2021 2024 F
0%
1648 Alex Groza 4574 INO 1950 1951 C
0%
1290 Alex Hannum 7323 SYR,BLB,ROC,MLH,STL,FTW 1950 1957 F-C
0%
1896 Alexis Ajinca 3284 CHA,DAL,TOR,NOP 2009 2017 C-F
0%
1496 Al Ferrari 5726 STL,CHZ 1956 1963 G-F
0%
820 Allan Bristow 12691 PHI,SAS,UTA,DAL 1974 1983 F-G
0%
1464 Allen Crabbe 5953 POR,BRK,ATL,MIN 2014 2020 G-F
0%
598 Allen Leavell 16529 HOU 1980 1989 G
0%
1755 Al Skinner 3947 NYN,DET,NJN,PHI 1975 1980 G
0%
556 Alton Lister 17390 MIL,SEA,GSW,BOS,POR 1982 1998 C-F
0%
1030 Andres Nocioni 9902 CHI,SAC,PHI 2005 2012 F
0%
1355 Andrew DeClercq 6776 GSW,BOS,CLE,ORL 1996 2005 F-C
0%
965 Andrew Lang 10638 PHO,PHI,ATL,MIN,MIL,CHI,NYK 1989 2000 C
0%
554 Andy Phillip 17414 CHS,PHW,FTW,BOS 1948 1958 G-F
0%
1657 Anthony Avent 4525 MIL,ORL,VAN,UTA,LAC 1993 2000 F
0%
1417 Anthony Bowie 6232 SAS,HOU,ORL,NYK 1989 1998 G-F
0%
1812 Anthony Goldwire 3676 CHH,DEN,SAS,WAS,MIN,NJN,DET,MIL,LAC 1996 2006 G
0%
1224 Anthony Morrow 7983 GSW,NJN,ATL,DAL,NOP,OKC,CHI 2009 2017 G
0%
631 Anthony Peeler 15843 LAL,VAN,MIN,SAC,WAS 1993 2005 G
0%
1976 Ariel Maughan 2896 DTF,PRO,STB,WSC 1947 1951 F
0%
337 Armen Gilliam 23088 PHO,CHH,PHI,NJN,MIL,UTA 1988 2000 F-C
0%
611 Arnie Risen 16283 ROC,BOS 1949 1958 C-F
0%
1782 Art Spoelstra 3841 ROC,MNL,NYK 1955 1958 C
0%
1057 Austin Croshere 9687 IND,DAL,GSW,MIL,SAS 1998 2009 F
0%
1470 Ayo Dosunmu 5945 CHI 2022 2025 G
0%
1566 Barney Cable 5199 DET,SYR,CHP,STL,CHZ,BAL 1959 1964 F
0%
1036 Barry Clemens 9841 NYK,CHI,SEA,CLE,POR 1966 1976 F
0%
1609 Belus Smawley 4836 STB,BLB,SYR 1947 1952 G-F
0%
449 Benoit Benjamin 19832 LAC,SEA,LAL,NJN,MIL,VAN,TOR,PHI,CLE 1986 2000 C
0%
893 Ben Poquette 11606 DET,UTA,CLE,CHI 1978 1987 F-C
0%
1792 Ben Warley 3775 SYR,PHI,BAL 1963 1970 F-G
0%
1325 Bill Calhoun 7013 ROC,BLB,MLH,SYR 1949 1955 F-G
0%
1928 Bill Closs 3131 AND,PHW,FTW 1950 1952 F-C
0%
1569 Bill Gabor 5169 SYR 1950 1955 G-F
0%
1727 Bill Garnett 4124 DAL,IND 1983 1986 F
0%
766 Bill Hanzlik 13554 SEA,DEN 1981 1990 G-F
0%
1559 Bill Hewitt 5265 LAL,DET,BUF,CHI 1969 1975 F
0%
963 Bill Robinzine 10676 KCK,CLE,DAL,UTA 1976 1982 F
0%
1783 Bill Tosheff 3838 INO,MLH 1952 1954 G
0%
1386 Bill Willoughby 6441 ATL,BUF,CLE,HOU,NJN,SAS 1976 1984 F-C
0%
1515 Billy Kenville 5590 SYR,FTW,DET 1954 1960 G-F
0%
1162 Billy McKinney 8518 KCK,DEN,UTA,SDC,CHI 1979 1986 G
0%
635 Billy Owens 15699 GSW,MIA,SAC,SEA,PHI,DET 1992 2001 F-G
0%
783 Billy Paultz 13243 SAS,HOU,ATL,UTA 1971 1985 C-F
0%
1831 Billy Ray Bates 3620 POR,LAL,WSB 1980 1983 G
0%
1085 Bison Dele 9267 ORL,DEN,LAC,CHI,DET 1992 1999 F-C
0%
980 Blair Rasmussen 10365 DEN,ATL 1986 1993 C
0%
1781 Boban Marjanovic 3845 SAS,DET,LAC,PHI,DAL,HOU 2016 2024 C
0%
1421 Bob Brannum 6220 SHE,BOS 1950 1955 F-C
0%
1914 Bobby Hurley 3202 SAC,VAN 1994 1998 G
0%
997 Bobby Phills 10215 CLE,CHH 1992 2000 G
0%
764 Bobby Wanzer 13571 ROC 1949 1957 G
0%
1659 Bob Donham 4524 BOS 1951 1954 G-F
0%
1756 Bob Feerick 3943 WSC 1947 1950 F-G
0%
903 Bob Ferry 11545 STL,DET,BAL 1960 1969 C-F
0%
912 Bob Gross 11419 POR,SDC 1976 1983 F-G
0%
1188 Bob Hansen 8260 UTA,SAC,CHI 1984 1992 G
0%
1677 Bob Hopkins 4383 SYR 1957 1960 C-F
0%
1518 Bob Houbregs 5572 BLB,MLH,BOS,FTW,DET 1954 1958 C-F
0%
1597 Bob Lavoy 4908 INO,MLH,SYR 1951 1954 F-C
0%
902 Bob Rule 11550 SEA,PHI,CLE,MIL 1968 1975 C-F
0%
746 Bob Sura 13770 CLE,GSW,ATL,DET,HOU 1996 2005 G
0%
705 Bob Weiss 14428 PHI,SEA,CHI,MIL,BUF,WSB 1966 1977 G
0%
818 Bob Wilkerson 12706 SEA,DEN,CHI,CLE 1977 1983 G-F
0%
1861 Bones Hyland 3478 DEN,LAC,MIN 2022 2025 G
0%
1631 Bones McKinney 4671 WSC,BOS 1947 1952 F-C
0%
695 Bo Outlaw 14582 LAC,ORL,PHO,MEM 1994 2008 F
0%
1731 Bostjan Nachbar 4096 HOU,NOH,NJN,NOK 2003 2008 F
0%
1216 Brad Lohaus 8104 BOS,SAC,MIL,MIN,MIA,NYK,SAS,TOR 1988 1998 F-C
0%
1580 Brad Sellers 5078 CHI,MIN,SEA,DET 1987 1993 C-F
0%
1427 Brandon Rush 6176 IND,GSW,UTA,MIN 2009 2017 G-F
0%
1655 Brian Cardinal 4531 DET,WAS,GSW,MEM,MIN,DAL 2001 2012 F
0%
1678 Brian Cook 4366 LAL,ORL,HOU,LAC,WAS 2004 2012 F
0%
1748 Brian Scalabrine 3980 NJN,BOS,CHI 2002 2012 F
0%
1300 Brian Skinner 7190 LAC,CLE,PHI,MIL,SAC,POR,PHO,MEM 1999 2012 F
0%
1645 Bruce Seals 4582 SEA 1974 1978 F
0%
920 Bryant Stith 11341 DEN,BOS,CLE 1993 2002 G
0%
901 Bucky Bockhorn 11553 CIN 1959 1965 G
0%
1776 Bud Stallworth 3870 SEA,NOJ 1973 1977 F-G
0%
789 Butch Beard 13199 ATL,CLE,SEA,GSW,NYK 1970 1979 G
0%
1725 Cal Christensen 4133 TRI,MLH,ROC 1951 1955 F-C
0%
1940 Calvin Booth 3055 WAS,DAL,SEA,MIL,PHI,MIN,SAC 2000 2009 C
0%
1536 Carl Herrera 5411 HOU,SAS,DEN,VAN 1992 1999 F
0%
1205 Cedi Osman 8183 CLE,SAS 2018 2024 F
0%
1811 Charles Shackleford 3680 NJN,PHI,MIN,CHH 1989 1999 C-F
0%
1399 Charlie Tyra 6351 NYK,CHP 1958 1962 C-F
0%
1502 Chase Budinger 5662 HOU,MIN,IND,PHO 2010 2016 F
0%
1610 Cherokee Parks 4833 DAL,MIN,VAN,LAC,WAS,SAS,GSW 1996 2004 C-F
0%
1516 Chico Vaughn 5586 STL,DET 1963 1970 G
0%
1938 Chimezie Metu 3061 SAS,SAC,DET,PHO 2019 2024 F-C
0%
847 Chris Childs 12263 NJN,NYK,TOR 1995 2003 G
0%
1368 Chris Mihm 6628 CLE,BOS,LAL 2001 2009 C-F
0%
1195 Chris Whitney 8226 SAS,WSB,WAS,DEN,ORL 1994 2004 G
0%
1276 Chuck Noble 7460 FTW,DET 1956 1962 G
0%
835 Chuck Share 12385 FTW,MLH,STL,MNL 1952 1960 C
0%
1987 Chuma Okeke 2853 ORL,CLE,PHI 2021 2025 F
0%
778 C.J. Miles 13334 UTA,CLE,IND,TOR,MEM,WAS,BOS 2006 2022 G-F
0%
380 Clarence Weatherspoon 21882 PHI,GSW,MIA,CLE,NYK,HOU 1993 2005 F
0%
622 Clem Haskins 16031 CHI,PHO,WSB 1968 1976 G
0%
769 Cliff Levingston 13501 DET,ATL,CHI,DEN 1983 1995 F
0%
1548 Cliff Meely 5351 HOU,LAL 1972 1976 F-C
0%
1241 Coby Dietrick 7855 SAS,CHI 1971 1983 C-F
0%
1952 Cole Aldrich 3008 OKC,HOU,SAC,NYK,LAC,MIN 2011 2018 C
0%
713 Connie Dierking 14285 SYR,PHI,SFW,CIN 1959 1971 C-F
0%
1356 Corie Blount 6769 CHI,LAL,CLE,PHO,GSW,PHI,TOR 1994 2004 F
0%
1373 Corky Calhoun 6598 PHO,LAL,POR,IND 1973 1980 F
0%
1948 Corky Devlin 3029 FTW,MNL 1956 1958 G
0%
1242 Cornell Warner 7844 BUF,CLE,MIL,LAL 1971 1977 F-C
0%
724 Curtis Rowe 14094 DET,BOS 1972 1979 F
0%
1806 Daequan Cook 3702 MIA,OKC,CHI,HOU 2008 2013 G
0%
1955 Dalano Banton 2995 TOR,BOS,POR 2022 2025 G-F
0%
1189 Dale Schlueter 8259 SFW,POR,PHI,ATL,BUF,PHO 1969 1978 C
0%
1979 Damyean Dotson 2885 NYK,CLE 2018 2022 G
0%
1785 Dan Dickau 3829 ATL,POR,DAL,NOH,BOS,LAC 2003 2008 G
0%
1462 Dan Gadzuric 5956 MIL,GSW,NJN,NYK 2003 2012 C
0%
1331 Daniel Theis 6933 BOS,CHI,HOU,IND,LAC,NOP 2018 2025 C
0%
827 Danny Ferry 12577 CLE,SAS 1991 2003 F
0%
1377 Danny Vranes 6550 SEA,PHI 1982 1988 F
0%
1087 Darius Miles 9256 LAC,CLE,POR,MEM 2001 2009 F
0%
1337 Darius Songaila 6917 SAC,CHI,WAS,NOH,PHI 2004 2011 F
0%
1461 Darnell Hillman 5957 IND,DEN,NJN,KCK,GSW 1972 1980 F-C
0%
637 Darrall Imhoff 15666 NYK,DET,LAL,PHI,CIN,POR 1961 1972 C
0%
779 Darwin Cook 13331 NJN,WSB,DEN,SAS 1981 1989 G
0%
1613 Dave Budd 4802 NYK 1961 1965 F
0%
522 Dave Corzine 18010 WSB,SAS,CHI,ORL,SEA 1979 1991 C
0%
734 Dave Gambee 13967 STL,CIN,SYR,PHI,SDR,DET,MIL,SFW 1959 1970 F
0%
1316 Dave Meyers 7104 MIL 1976 1980 F-C
0%
1476 Dave Piontek 5895 ROC,CIN,STL,CHP 1957 1963 F-C
0%
1097 Dave Robisch 9196 IND,LAL,CLE,DEN,KCK,SAS 1972 1984 C-F
0%
1894 Dave Sorenson 3291 CLE,PHI 1971 1973 F
0%
1070 Dave Stallworth 9540 NYK,BAL,CAP 1966 1975 F-C
0%
1456 Dave Twardzik 5988 POR 1973 1980 G
0%
1429 Dave Wohl 6154 PHI,BUF,POR,HOU,NYN,NJN 1972 1978 G
0%
1297 David Benoit 7215 UTA,NJN,ORL 1992 2001 F
0%
1902 David Nwaba 3263 LAL,CHI,CLE,BRK,HOU 2017 2022 G
0%
267 David Wesley 25269 NJN,BOS,CHH,NOH,HOU,CLE 1994 2007 G
0%
1712 DeAndre' Bembry 4177 ATL,TOR,BRK,MIL 2017 2022 F
0%
1632 Dean Garrett 4664 MIN,DEN,GSW 1997 2002 C
0%
1387 Dean Meminger 6441 NYK,ATL 1972 1977 G
0%
951 Dennis Awtrey 10856 PHI,CHI,PHO,BOS,SEA,POR 1971 1982 C
0%
1432 Dennis Hopson 6143 NJN,CHI,SAC 1988 1992 G-F
0%
1398 Derek Strong 6353 WSB,MIL,BOS,LAL,ORL,LAC 1992 2001 F
0%
1622 Derrek Dickey 4757 GSW,CHI 1974 1978 F
0%
323 Derrick McKey 23483 SEA,IND,PHI 1988 2002 F-C
0%
1578 DeSagana Diop 5094 CLE,DAL,NJN,CHA 2002 2013 C
0%
1238 Dewayne Dedmon 7872 GSW,ORL,PHI,SAS,ATL,SAC,MIA 2014 2023 C
0%
1882 Dickey Simpkins 3374 CHI,GSW,ATL 1995 2002 F
0%
1961 Dick Farley 2969 SYR,DET 1955 1959 G-F
0%
1374 Dick Garrett 6573 LAL,BUF,MIL,NYK 1970 1974 G
0%
497 Dick McGuire 18620 NYK,DET 1950 1960 G
0%
1838 Dick Mehen 3580 WAT,BLB,BOS,FTW,MLH 1950 1952 F-C
0%
1698 Dick Ricketts 4234 ROC,STL,CIN 1956 1958 F-C
0%
1504 Dick Schnittker 5659 WSC,MNL 1951 1958 F
0%
418 Dick Snyder 20877 STL,PHO,SEA,CLE 1967 1979 G-F
0%
1543 Dike Eddleman 5366 TRI,FTW,MLH 1950 1953 F-G
0%
1333 Dino Radja 6926 BOS 1994 1997 F-C
0%
1661 Dion Glover 4512 ATL,TOR,SAS 2000 2005 G
0%
1856 Dirk Minniefield 3514 CLE,HOU,BOS,GSW 1986 1988 G
0%
1892 Dominic McGuire 3298 WAS,SAC,CHA,GSW,IND,NOH,TOR 2008 2013 F
0%
1434 Donald Royal 6138 MIN,SAS,ORL,CHH,GSW 1990 1998 F
0%
1942 Donald Sloan 3052 ATL,CLE,NOH,IND,BRK 2012 2016 G
0%
1413 Don Barksdale 6261 BLB,BOS 1952 1955 F-C
0%
1926 Don Boven 3145 WAT,MLH,BLB,FTW 1950 1953 F-G
0%
755 Don Buse 13700 IND,PHO,POR,KCK 1973 1985 G
0%
564 Don Kojis 17149 BAL,DET,CHI,SDR,SEA,KCO 1964 1975 F
0%
1499 Don MacLean 5677 WSB,DEN,PHI,NJN,SEA,PHO,MIA 1993 2001 F
0%
1810 Donnie Butcher 3687 NYK,DET 1962 1966 G
0%
463 Don Ohl 19414 DET,BAL,STL,ATL 1961 1970 G
0%
1759 Don Otten 3933 TRI,WSC,BLB,FTW,MLH 1950 1953 C
0%
1565 Doug Overton 5204 WSB,DEN,PHI,NJN,ORL,BOS,CHH,LAC 1993 2004 G
0%
1575 Drew Eubanks 5105 SAS,POR,PHO,LAC,UTA 2019 2025 F
0%
1392 Duane Causwell 6422 SAC,MIA 1991 2001 C
0%
1372 Duane Ferrell 6602 ATL,IND,GSW 1989 1999 F-G
0%
1086 Earl Cureton 9263 PHI,DET,CHI,LAC,CHH,HOU,TOR 1981 1997 F-C
0%
1066 Ed Conlin 9589 SYR,DET,PHW 1956 1962 F-G
0%
826 Eddie Miles 12596 DET,BAL,NYK 1964 1972 G-F
0%
1556 Ed Fleming 5282 ROC,MNL 1956 1960 G-F
0%
1865 Ed Kalafat 3464 MNL 1955 1957 C-F
0%
1651 Ed Nealy 4561 KCK,SAS,CHI,PHO,GSW 1983 1993 F
0%
854 Ed Pinckney 12195 PHO,SAC,BOS,MIL,PHI,TOR,MIA 1986 1997 F
0%
1357 Ed Ratleff 6768 HOU 1974 1978 F-G
0%
1643 Ed Sadowski 4591 CLR,TRH,BOS,PHW,BLB 1947 1950 C
0%
1269 Eduardo Najera 7533 DAL,DEN,GSW,NJN,CHA 2001 2012 F
0%
1839 Eldridge Recasner 3577 DEN,HOU,ATL,CHH,LAC 1995 2002 G
0%
1335 Ennis Whatley 6921 CHI,CLE,SAS,WSB,ATL,LAC,POR 1984 1997 G
0%
1758 Eric Leckner 3933 UTA,CHH,SAC,PHI,DET,VAN 1989 1997 C-F
0%
977 Eric Money 10411 DET,NJN,PHI 1975 1980 G
0%
1574 Eric Montross 5106 BOS,DAL,NJN,DET,PHI,TOR 1995 2002 C
0%
839 Eric Murdock 12331 UTA,MIL,VAN,DEN,MIA,NJN,LAC 1992 2000 G
0%
1044 Eric Piatkowski 9793 LAC,HOU,CHI,PHO 1995 2008 G-F
0%
1564 Ernie Beck 5214 PHW,STL,SYR 1954 1961 G-F
0%
1932 Ernie Calverley 3105 PRO 1947 1949 G
0%
1286 Ernie DiGregorio 7380 BUF,BOS,LAL 1974 1978 G
0%
933 Ernie Grunfeld 11147 MIL,KCK,NYK 1978 1986 G-F
0%
1299 Erwin Mueller 7197 CHI,LAL,SEA,DET 1967 1974 C-F
0%
1169 Felton Spencer 8433 MIN,UTA,GSW,ORL,SAS,NYK 1991 2002 C
0%
677 Frank Brickowski 14874 SEA,LAL,SAS,MIL,CHH,BOS 1985 1997 F-C
0%
1095 Frankie Brian 9199 AND,TRI,FTW 1950 1956 G
0%
1326 Frank Kaminsky 7007 CHO,PHO,ATL,HOU 2016 2023 F-C
0%
1917 Frank Kudelka 3169 CHS,BOS,WSC,BLB,PHW 1950 1953 G-F
0%
1787 Frank Ntilikina 3822 NYK,DAL,CHO 2018 2024 G
0%
1529 Freddie Boyd 5502 PHI,NOJ 1973 1978 G
0%
1150 Fred Hetzel 8657 SFW,CIN,MIL,PHI,LAL 1966 1971 F-C
0%
1345 Fred Hoiberg 6834 IND,CHI,MIN 1996 2005 G
0%
1221 Fred Schaus 8043 FTW,NYK 1950 1954 F
0%
987 Fred Scolari 10310 WSC,SYR,BLB,FTW,BOS 1947 1955 G
0%
1724 Furkan Korkmaz 4133 PHI 2018 2024 G
0%
517 Gar Heard 18217 SEA,CHI,BUF,PHO,SDC 1971 1981 F
0%
1043 Garrett Temple 9803 HOU,SAC,SAS,CHA,MIL,WAS,LAC,MEM,BRK,CHI,NOP,TOR 2010 2025 G
0%
1726 Gary Brokaw 4127 MIL,CLE,BUF 1975 1978 G
0%
1479 Gary Gregor 5879 PHO,ATL,POR,MIL 1969 1974 F-C
0%
1626 Gary Phillips 4727 BOS,SFW 1962 1966 G
0%
879 Gene Banks 11813 SAS,CHI 1982 1987 F-G
0%
1956 Gene Tormohlen 2993 STL,ATL 1963 1970 C-F
0%
1673 Gene Wiley 4431 LAL 1963 1968 C
0%
974 Geoff Huston 10445 NYK,CLE,DAL,GSW,LAC 1980 1987 G
0%
648 Geoff Petrie 15397 POR 1971 1976 G
0%
1680 George Dempsey 4360 PHW,SYR 1955 1959 G
0%
1957 George Kaftan 2993 BOS,NYK,BLB 1949 1953 F
0%
777 George Lynch 13353 LAL,VAN,PHI,CHH,NOH 1994 2005 F
0%
740 George McCloud 13852 IND,DAL,LAL,PHO,DEN 1990 2002 G-F
0%
1320 George Ratkovicz 7080 SYR,BLB,MLH 1950 1955 C-F
0%
1235 George Senesky 7882 PHW 1947 1954 G
0%
1301 Georges Niang 7188 IND,UTA,PHI,CLE,ATL 2017 2025 F
0%
1424 George Trapp 6192 ATL,DET 1972 1977 F-C
0%
1988 Gerald Glass 2849 MIN,DET,CHH,NJN 1991 1996 G-F
0%
1385 Glen Gondrezick 6470 NYK,DEN 1978 1983 F-G
0%
1397 Gordan Giricek 6354 MEM,ORL,UTA,PHI,PHO 2003 2008 G-F
0%
1352 Greg Buckner 6799 DAL,PHI,DEN,MIN,MEM 2000 2009 G
0%
1514 Greg Kelser 5596 DET,SEA,SDC,IND 1980 1985 F
0%
1485 Greg Kite 5806 BOS,LAC,CHH,SAC,ORL,IND,NYK 1984 1995 C
0%
1829 Greg Minor 3631 BOS 1995 1999 G-F
0%
1933 Gus Gerard 3102 BUF,DEN,DET,KCK,SAS 1975 1981 F-G
0%
1713 Hamidou Diallo 4171 OKC,DET,WAS 2019 2024 G
0%
1465 Hank Finkel 5951 LAL,SDR,BOS 1967 1975 C
0%
312 Happy Hairston 23812 CIN,DET,LAL 1965 1975 F
0%
1983 Harold Miner 2875 MIA,CLE 1993 1996 G
0%
1490 Harold Pressley 5760 SAC 1987 1990 F-G
0%
461 Harry Gallatin 19503 NYK,DET 1949 1958 F-C
0%
1118 Harvey Catchings 9003 PHI,NJN,MIL,LAC 1975 1985 C-F
0%
1364 Haywoode Workman 6680 ATL,WSB,IND,MIL,TOR 1990 2000 G
0%
1980 Haywood Highsmith 2881 PHI,MIA 2019 2025 F
0%
739 Herm Gilliam 13893 CIN,BUF,ATL,SEA,POR 1970 1977 G-F
0%
646 Howard Komives 15448 NYK,DET,BUF,KCO 1965 1974 G
0%
1739 Ira Newble 4050 SAS,ATL,CLE,LAL,SEA 2001 2008 F
0%
1317 Isaac Austin 7089 UTA,PHI,MIA,LAC,ORL,WAS,VAN,MEM 1992 2002 C
0%
1862 Isaiah Canaan 3477 HOU,PHI,CHI,PHO,MIL,MIN 2014 2019 G
0%
1524 Jackie Moreland 5524 DET 1961 1970 F-G
0%
1607 Jack Kerris 4857 FTW,TRI,BLB 1950 1953 F-C
0%
967 Jack McMahon 10533 ROC,STL 1953 1960 G
0%
1098 Jacque Vaughn 9188 UTA,ATL,ORL,NJN,SAS 1998 2009 G
0%
1934 Jaime Jaquez Jr. 3095 MIA 2024 2025 G-F
0%
1890 Jake Tsakalidis 3318 PHO,MEM,HOU 2001 2007 C
0%
1703 Jake Voskuhl 4211 CHI,PHO,CHA,MIL,TOR 2001 2009 C
0%
1541 James Ennis III 5373 MIA,MEM,NOP,DET,HOU,PHI,ORL,BRK,DEN,LAC 2015 2022 F
0%
1990 Jamie Feick 2833 CHH,SAS,MIL,NJN 1997 2001 C-F
0%
1375 Jannero Pargo 6567 LAL,CHI,TOR,NOK,NOH,ATL,CHA,WAS,CHO 2003 2015 G
0%
1358 Jan van Breda Kolff 6760 NYN,NJN 1975 1983 F-G
0%
1187 Jared Jeffries 8262 WAS,NYK,HOU,POR 2003 2013 F
0%
1344 Jason Caffey 6846 CHI,GSW,MIL 1996 2003 F
0%
1784 Jawann Oldham 3832 DEN,HOU,CHI,NYK,SAC,LAL,ORL,IND 1981 1991 C
0%
1912 Jaylen Nowell 3209 MIN,DET,MEM,NOP 2020 2025 G
0%
1288 Jeff Cook 7365 PHO,CLE,SAS,UTA 1980 1988 F-C
0%
1418 Jeff Grayer 6229 MIL,GSW,PHI,SAC,CHH 1989 1998 F-G
0%
976 Jeremy Lamb 10416 OKC,CHO,IND,SAC 2013 2022 G-F
0%
1664 Jeremy Sochan 4493 SAS 2023 2025 F-G
0%
1906 Jerome Lane 3255 DEN,IND,MIL,CLE 1989 1993 F
0%
1129 Jerome Whitehead 8936 SDC,UTA,CLE,DAL,GSW,SAS 1979 1989 C-F
0%
1222 Jerry Reynolds 8000 MIL,SEA,ORL 1986 1996 G-F
0%
1056 Jerry Sichting 9693 IND,BOS,POR,CHH,MIL 1981 1990 G
0%
382 Jerry Sloan 21823 BAL,CHI 1966 1976 G-F
0%
1495 Jim Baechtold 5727 BLB,NYK 1953 1957 F-G
0%
587 Jim Chones 16665 CLE,LAL,WSB 1973 1982 C-F
0%
1128 Jim Krebs 8946 MNL,LAL 1958 1964 C-F
0%
1819 Jim Les 3657 UTA,LAC,SAC,ATL 1989 1995 G
0%
1173 Jim McElroy 8396 NOJ,ATL,DET 1976 1982 G
0%
1875 Jim McIlvaine 3399 WSB,SEA,NJN 1995 2001 C
0%
547 Jim McMillian 17572 LAL,BUF,NYK,POR 1971 1979 F
0%
1962 Jim Palmer 2965 CIN,NYK 1959 1961 F-C
0%
1240 Jim Petersen 7857 HOU,SAC,GSW 1985 1992 F-C
0%
803 Jim Pollard 12985 MNL 1949 1955 F-C
0%
1971 Jim Seminoff 2923 CHS,BOS 1947 1950 G-F
0%
1642 Jim Spanarkel 4592 PHI,DAL 1980 1984 G-F
0%
932 Joe Fulks 11194 PHW 1947 1954 F-C
0%
475 Joe Graboski 19089 CHS,INO,PHW,CHP,STL,SYR 1949 1962 F-C
0%
1960 Joe Hassett 2971 SEA,IND,DAL,GSW 1978 1983 G
0%
952 Joe Kleine 10834 SAC,BOS,PHO,LAL,NJN,CHI,POR 1986 2000 C
0%
1885 Joel Kramer 3337 PHO 1979 1983 F-C
0%
889 Joe Meriweather 11639 HOU,ATL,NOJ,NYK,KCK 1976 1985 C-F
0%
1603 Joe Strawder 4888 DET 1966 1968 C
0%
1451 Joe Wolf 6036 LAC,DEN,BOS,POR,CHH,ORL,MIL 1988 1999 F-C
0%
1899 John Amaechi 3277 CLE,ORL,UTA 1996 2003 C-F
0%
1274 John Barnhill 7491 STL,DET,BAL,SDR 1963 1972 G
0%
1067 John Battle 9585 ATL,CLE 1986 1995 G
0%
797 John Block 13086 LAL,SDR,MIL,KCO,PHI,CHI,NOJ 1967 1976 F-C
0%
1618 John Crotty 4780 UTA,CLE,MIA,POR,SEA,DET,DEN 1993 2003 G
0%
994 John Gianelli 10257 NYK,BUF,MIL,UTA 1973 1980 C-F
0%
1568 John Hummer 5171 BUF,CHI,SEA 1971 1976 F-C
0%
1715 John Lambert 4166 CLE,KCK,SAS 1976 1982 C-F
0%
1584 John Logan 5032 STB,TRI 1947 1951 G
0%
1717 John Mahnken 4155 WSC,BLB,FTW,INJ,BOS,TRI,INO 1947 1953 C
0%
958 John Mengelt 10728 CIN,DET,KCO,CHI,GSW 1972 1981 G
0%
883 Johnny Egan 11771 DET,NYK,BAL,LAL,CLE,SDR,HOU 1962 1972 G
0%
1809 Johnny High 3691 PHO 1980 1984 G
0%
1384 Johnny McCarthy 6482 ROC,CIN,STL,BOS 1957 1964 G
0%
427 Johnny Newman 20619 CLE,NYK,CHH,NJN,MIL,DEN,DAL 1987 2002 F-G
0%
1964 John Roche 2952 LAL,DEN 1972 1982 G
0%
1181 John Shumate 8331 BUF,PHO,DET,HOU,SAS,SEA 1976 1981 F-C
0%
1760 John Trapp 3926 SDR,LAL,PHI 1969 1973 F
0%
947 John Tresvant 10884 STL,DET,CIN,SEA,LAL,BAL 1965 1973 F-C
0%
1936 John Wetzel 3068 LAL,PHO,ATL 1968 1976 G-F
0%
950 Jon Koncak 10858 ATL,ORL 1986 1996 C-F
0%
1629 Jon Leuer 4702 MIL,CLE,MEM,PHO,DET 2012 2019 F
0%
582 Jon McGlocklin 16735 CIN,SDR,MIL 1966 1976 G-F
0%
1257 Jon Sundvold 7723 SEA,SAS,MIA 1984 1992 G
0%
1843 Jordan McLaughlin 3561 MIN,SAC,SAS 2020 2025 G
0%
1989 Jordan Nwora 2835 MIL,IND,TOR 2021 2024 F
0%
1915 Josh Boone 3190 NJN 2007 2010 F-C
0%
1527 Josh Okogie 5514 MIN,PHO,CHO 2019 2025 G
0%
1852 Juancho Hernangomez 3520 DEN,MIN,BOS,SAS,UTA,TOR 2017 2023 F
0%
1528 Jud Buechler 5511 NJN,GSW,SAS,CHI,DET,ORL,PHO 1991 2002 F-G
0%
424 Junior Bridgeman 20675 MIL,LAC 1976 1987 F-G
0%
1313 Justise Winslow 7111 MIA,MEM,LAC,POR 2016 2023 F
0%
1766 Kareem Rush 3898 LAL,CHA,IND,PHI,LAC 2003 2010 G
0%
1895 Keita Bates-Diop 3285 MIN,DEN,SAS,BRK,PHO 2019 2024 F
0%
1636 Keith Askins 4634 MIA 1991 1999 G-F
0%
1803 Kelenna Azubuike 3714 GSW,DAL 2007 2012 G
0%
1277 Kelvin Cato 7455 POR,HOU,ORL,DET,NYK 1998 2007 C
0%
871 Kelvin Ransey 12018 POR,DAL,NJN 1981 1986 G
0%
1998 Ken Bannister 2805 NYK,LAC 1985 1991 F-C
0%
1489 Ken Charles 5774 BUF,ATL 1974 1978 G
0%
1230 Kenny Gattison 7908 PHO,CHH,VAN 1987 1996 F-C
0%
1738 Kenny Higgs 4052 CLE,DEN 1979 1982 G
0%
1567 Kenny Sailors 5185 CLR,CHS,PHW,PRO,DNN,BLB,BOS 1947 1951 G
0%
781 Kenny Sears 13275 NYK,SFW 1956 1964 F
0%
917 Kent Bazemore 11375 GSW,LAL,ATL,POR,SAC 2013 2022 G-F
0%
736 Kent Benson 13937 MIL,DET,UTA,CLE 1978 1988 C
0%
921 Kevin Gamble 11338 POR,BOS,MIA,SAC 1988 1997 F-G
0%
1752 Kevin Knox 3957 NYK,ATL,DET,POR,GSW 2019 2025 F
0%
905 Kevin Kunnert 11539 BUF,HOU,SDC,POR 1974 1982 C-F
0%
440 Kevin Loughery 20306 DET,BAL,PHI 1963 1973 G
0%
1273 Kevin Restani 7494 MIL,KCK,SAS,CLE 1975 1982 F-C
0%
1591 Kevin Seraphin 4976 WAS,NYK,IND 2011 2017 F
0%
1840 Kevin Stacom 3573 BOS,IND,MIL 1975 1982 G
0%
1821 Khem Birch 3651 ORL,TOR 2018 2023 C-F
0%
1705 Kleggie Hermsen 4205 CLR,TRH,BLB,WSC,CHS,BOS,TRI,INO 1947 1953 C-F
0%
1161 Kurt Nimphius 8533 DAL,LAC,DET,SAS,PHI 1982 1990 C-F
0%
833 Kyle Macy 12450 PHO,CHI,IND 1981 1987 G
0%
1366 Kyle O'Quinn 6665 ORL,NYK,IND,PHI 2013 2020 F-C
0%
1700 Kyle Singler 4226 DET,OKC 2013 2018 F
0%
1458 Landry Shamet 5968 LAC,PHI,BRK,PHO,WAS,NYK 2019 2025 G
0%
1367 Langston Galloway 6661 NYK,NOP,SAC,DET,PHO,BRK,MIL 2015 2022 G
0%
480 Larry Costello 18956 PHW,SYR,PHI 1955 1968 G
0%
1307 Larry Krystkowiak 7157 SAS,MIL,UTA,ORL,CHI,LAL 1987 1997 F-C
0%
1614 Larry McNeill 4798 KCO,KCK,GSW,NYN,BUF,DET 1974 1979 F-C
0%
810 Larry Siegfried 12902 BOS,SDR,ATL,HOU 1964 1972 F
0%
1992 Larry Staverman 2831 CIN,CHZ,BAL,DET 1959 1964 F
0%
906 Larry Steele 11525 POR 1972 1980 G-F
0%
1786 Lawrence Funderburke 3824 SAC,CHI 1998 2005 F
0%
1270 Ledell Eackles 7522 WSB,MIA,WAS 1989 1998 G-F
0%
1312 Lee Mayberry 7117 MIL,VAN 1993 1999 G
0%
1546 Lee Shaffer 5354 SYR,PHI 1962 1964 F
0%
1460 Lee Winfield 5957 SEA,BUF,KCK 1970 1976 G
0%
1039 Len Chappell 9824 SYR,NYK,PHI,CHI,CIN,DET,MIL,ATL,CLE 1963 1972 F-C
0%
1412 Len Elmore 6263 IND,KCK,MIL,NJN,NYK 1975 1984 C-F
0%
1295 Leo Barnhorst 7225 CHS,INO,BLB,FTW 1950 1954 F-G
0%
816 Lester Conner 12761 GSW,HOU,NJN,MIL,LAC,IND,LAL 1983 1995 G
0%
1510 Lew Hitch 5632 MNL,MLH,PHW,ROC 1952 1957 F-C
0%
499 Lionel Hollins 18598 POR,PHI,SDC,DET,HOU 1976 1985 G
0%
539 Lonnie Shelton 17735 NYK,SEA,CLE 1977 1986 F-C
0%
1666 Lorenzo Romar 4491 GSW,MIL,DET 1981 1985 G
0%
993 Louis Orr 10259 IND,NYK 1981 1988 F
0%
726 Loy Vaught 14080 LAC,DET,DAL,WAS 1991 2001 F
0%
1904 Luke Babbitt 3259 POR,NOP,MIA,ATL 2011 2018 F
0%
1893 Mack Calvin 3295 DEN,LAL,SAS,UTA,CLE 1970 1981 G
0%
1116 Malik Sealy 9014 IND,LAC,DET,MIN 1993 2000 G
0%
1669 Marcus Banks 4468 BOS,MIN,PHO,MIA,TOR 2004 2011 G
0%
1583 Marcus Fizer 5041 CHI,MIL,NOK 2001 2006 F
0%
1833 Marcus Liberty 3617 DEN,DET 1991 1994 F
0%
1658 Mario Hezonja 4525 ORL,NYK,POR 2016 2020 F-G
0%
1844 Mark Acres 3549 BOS,ORL,HOU,WSB 1988 1993 F-C
0%
1653 Mark Alarie 4554 DEN,WSB 1987 1991 F
0%
1040 Mark Blount 9818 BOS,DEN,MIN,MIA 2001 2009 C
0%
1407 Markelle Fultz 6280 PHI,ORL,SAC 2018 2025 G
0%
1444 Mark Landsberger 6084 CHI,LAL,ATL 1978 1984 F-C
0%
1966 Mark Madsen 2947 LAL,MIN 2001 2009 F-C
0%
1183 Marko Jaric 8304 LAC,MIN,MEM 2003 2009 G
0%
481 Mark Olberding 18929 SAS,CHI,KCK,SAC 1976 1987 F
0%
1944 Marty Byrnes 3044 NOJ,PHO,LAL,DAL,IND 1979 1983 F
0%
1621 Marty Conlon 4763 SEA,SAC,CHH,WSB,MIL,BOS,MIA,LAC 1992 2000 F-C
0%
953 Matt Guokas 10814 PHI,CHI,CIN,KCO,BUF,HOU,KCK 1967 1976 G-F
0%
1586 Matt Maloney 5027 HOU,CHI,ATL 1997 2003 G
0%
1099 Maurice Harkless 9170 ORL,POR,LAC,NYK,MIA,SAC 2013 2022 F-G
0%
848 Max Zaslofsky 12262 CHS,NYK,BLB,FTW,MLH 1947 1956 G-F
0%
841 Mel Hutchins 12326 MLH,FTW,NYK 1952 1958 F-C
0%
1505 Melvin Turpin 5656 CLE,UTA,WSB 1985 1990 C
0%
393 Michael Cage 21507 LAC,SEA,CLE,PHI,NJN 1985 2000 F-C
0%
1553 Michael Dickerson 5302 HOU,VAN,MEM 1999 2003 G-F
0%
1442 Michael Doleac 6087 ORL,CLE,NYK,DEN,MIA,MIN 1999 2008 C
0%
1625 Michael Holton 4737 PHO,CHI,POR,CHH 1985 1990 G
0%
1883 Michael Ruffin 3373 CHI,PHI,UTA,WAS,MIL,POR 2000 2009 F
0%
533 Mike Bantom 17823 PHO,SEA,NYN,IND,PHI 1974 1982 F-C
0%
1019 Mike Bratz 10022 PHO,CLE,SAS,CHI,GSW,SAC 1978 1986 G
0%
1430 Mike Farmer 6146 NYK,CIN,STL 1959 1966 F
0%
1022 Mike Gale 9991 SAS,POR,GSW 1972 1982 G
0%
1261 Mike Glenn 7641 BUF,NYK,ATL,MIL 1978 1987 G
0%
368 Mike Gminski 22058 NJN,PHI,CHH,MIL 1981 1994 C
0%
336 Mike Newlin 23122 HOU,NJN,NYK 1972 1982 G-F
0%
1321 Mike O'Koren 7070 NJN,WSB 1981 1988 F-G
0%
831 Mike Riordan 12536 NYK,BAL,CAP,WSB 1969 1977 G-F
0%
1869 Mike Sojourner 3433 ATL 1975 1977 C-F
0%
1920 Mike Sweetney 3159 NYK,CHI 2004 2007 F
0%
1483 Milt Palacio 5822 VAN,BOS,PHO,CLE,TOR,UTA 2000 2006 G
0%
1023 Mitch Kupchak 9987 WSB,LAL 1977 1986 F-C
0%
1825 Mo Layton 3639 PHO,POR,NYK,SAS 1972 1978 G
0%
1570 Monk Meineke 5128 FTW,ROC,CIN 1953 1958 F-C
0%
1929 Morlon Wiley 3123 DAL,ORL,ATL,SAS,MIA 1989 1995 G
0%
738 Nat Clifton 13902 NYK,DET 1951 1958 C-F
0%
1252 Nemanja Bjelica 7778 MIN,SAC,MIA,GSW 2016 2022 F
0%
1210 Nick Weatherspoon 8152 CAP,WSB,SEA,CHI,SDC 1974 1980 F
0%
1245 Nikola Mirotic 7815 CHI,NOP,MIL 2015 2019 F
0%
1695 Nik Stauskas 4255 SAC,PHI,BRK,CLE,POR,BOS,MIA 2015 2022 G
0%
1718 Noble Jorgensen 4154 PIT,SHE,SYR,TRI 1947 1953 C
0%
1984 Ochai Agbaji 2874 UTA,TOR 2023 2025 G
0%
1134 Omri Casspi 8817 SAC,CLE,HOU,MIN,NOP,GSW,MEM 2010 2019 F
0%
1935 Oshae Brissett 3088 TOR,IND,BOS,PHI 2020 2025 F
0%
1328 Pat Garrity 6957 PHO,ORL 1999 2008 F
0%
1309 Pat Riley 7137 SDR,LAL,PHO 1968 1976 G-F
0%
1395 Paul Hoffman 6374 BLB,NYK,PHW 1948 1955 G-F
0%
1298 Paul Mokeski 7214 HOU,DET,CLE,MIL,GSW 1980 1991 C-F
0%
1060 Paul Neumann 9655 SYR,PHI,SFW 1962 1967 G
0%
767 Paul Seymour 13540 BLB,SYR 1948 1960 G-F
0%
1423 Paul Walther 6207 INO,MNL,PHW,FTW 1950 1955 G-F
0%
1638 Pep Saul 4616 ROC,BLB,MNL,MLH 1950 1955 G-F
0%
1446 Pete Chilcutt 6082 SAC,DET,HOU,VAN,CLE,LAC,UTA 1992 2000 F-C
0%
1965 Pete Cross 2950 SEA,KCO 1971 1973 C-F
0%
1635 Pete Myers 4639 CHI,SAS,NYK,PHI,NJN,CHH,MIA 1987 1998 G-F
0%
784 Phil Hubbard 13239 DET,CLE 1980 1989 F-C
0%
1068 Phil Jordon 9583 NYK,DET,CIN,STL 1957 1963 C-F
0%
1770 Predrag Drobnjak 3882 SEA,LAC,ATL 2002 2005 C
0%
1681 Primoz Brezec 4353 IND,CHA,DET,TOR,MIL,PHI 2002 2010 C
0%
1849 Quincy Acy 3530 TOR,SAC,NYK,BRK,DAL,PHO 2013 2019 F-C
0%
1891 Quincy Pondexter 3300 NOH,MEM,NOP,CHI,SAS 2011 2019 G-F
0%
607 Quinn Buckner 16409 MIL,BOS,IND 1977 1986 G
0%
880 Quintin Dailey 11804 CHI,LAC,SEA 1983 1992 G
0%
863 Raef LaFrentz 12133 DEN,DAL,BOS,POR 1999 2008 F-C
0%
1763 Rafael Addison 3918 PHO,NJN,DET,CHH 1987 1997 F-G
0%
1841 Ralph Beard 3573 INO 1950 1951 G
0%
1818 Ralph Simpson 3659 DET,DEN,NJN,PHI 1971 1980 G-F
0%
691 Randy Foye 14626 MIN,WAS,LAC,UTA,DEN,OKC,BRK 2007 2017 G
0%
1179 Randy Wittman 8341 ATL,IND,SAC 1984 1992 G-F
0%
720 Ray Felix 14189 BLB,NYK,MNL,LAL 1954 1962 C
0%
1654 Ray Lumpp 4551 INJ,NYK,BLB 1949 1953 G
0%
1709 Red Holzman 4193 ROC,MLH 1949 1954 G
0%
853 Red Rocha 12202 STB,BLB,SYR,FTW 1948 1957 C-F
0%
1676 Reggie Harding 4390 DET,CHI 1964 1968 C
0%
1170 Richaun Holmes 8423 PHI,PHO,SAC,DAL,WAS 2016 2025 C-F
0%
1827 Richie Regan 3636 ROC,CIN 1956 1958 G
0%
514 Rich Kelley 18282 NOJ,NJN,PHO,DEN,UTA,SAC 1976 1986 C-F
0%
1186 Rick Adelman 8269 SDR,POR,CHI,KCO,NOJ 1969 1975 G
0%
858 Robert Pack 12152 POR,DEN,WSB,DAL,NJN,MIN,NOH 1992 2004 G
0%
752 Rod Higgins 13717 CHI,NJN,SAS,SEA,GSW,SAC,CLE 1983 1995 F
0%
376 Rodney McCray 21931 HOU,SAC,DAL,CHI 1984 1993 F-G
0%
1805 Rodney McGruder 3705 MIA,LAC,DET 2017 2023 G
0%
1594 Roger Phegley 4936 WSB,NJN,CLE,SAS,DAL 1979 1984 G-F
0%
1166 Ron Behagen 8490 KCO,NOJ,ATL,HOU,IND,DET,KCK,NYK,WSB 1974 1980 F-C
0%
1072 Ron Boone 9494 KCK,LAL,UTA 1969 1981 G-F
0%
1047 Ron Mercer 9777 BOS,DEN,ORL,CHI,IND,SAS,NJN 1998 2005 G-F
0%
1641 Ronnie Lester 4594 CHI,LAL 1981 1986 G
0%
1779 Ron Riley 3852 KCO,HOU 1973 1976 F
0%
1930 Ron Sobie 3116 NYK,MNL 1957 1960 G
0%
469 Rory Sparrow 19284 NJN,ATL,NYK,CHI,MIA,SAC,LAL 1981 1992 G
0%
798 Roy Hinson 13080 CLE,PHI,NJN 1984 1991 F-C
0%
1171 Roy Tarpley 8416 DAL 1987 1995 C-F
0%
303 Rudy LaRusso 24066 MNL,LAL,SFW 1960 1969 F-C
0%
1978 Russ Schoene 2888 IND,PHI,SEA 1983 1989 F-C
0%
1115 Ryan Gomes 9018 BOS,MIN,LAC,OKC 2006 2014 F
0%
1773 Ryan Hollins 3878 CHA,DAL,MIN,CLE,BOS,LAC,SAC,MEM,WAS 2007 2016 C
0%
790 Sam Bowie 13187 POR,NJN,LAL 1985 1995 C-F
0%
1225 Sarunas Marciulionis 7974 GSW,SEA,SAC,DEN 1990 1997 G
0%
1443 Scot Pollard 6085 DET,SAC,IND,CLE,BOS 1998 2008 C
0%
1494 Scott Burrell 5731 CHH,GSW,CHI,NJN 1994 2001 G-F
0%
1751 Scott Hastings 3967 ATL,NYK,MIA,DET,DEN 1983 1993 F-C
0%
1702 Scott Padgett 4213 UTA,HOU,NJN,MEM 2000 2007 F
0%
603 Scott Skiles 16485 MIL,IND,ORL,WSB,PHI 1987 1996 G
0%
1052 Sean Rooks 9723 DAL,MIN,ATL,LAL,LAC,NOH,ORL 1993 2004 C
0%
1073 Sebastian Telfair 9489 POR,BOS,MIN,CLE,LAC,PHO,TOR,OKC 2005 2015 G
0%
419 Sedale Threatt 20837 PHI,CHI,SEA,LAL,HOU 1984 1997 G
0%
1560 Shabazz Napier 5237 MIA,ORL,POR,BRK,MIN,WAS 2015 2020 G
0%
675 Shaun Livingston 14900 LAC,MIA,OKC,WAS,CHA,MIL,CLE,BRK,GSW 2005 2019 G
0%
1650 Shellie McMillon 4567 DET,STL 1959 1962 F
0%
849 Slick Watts 12260 SEA,NOJ,HOU 1974 1979 G
0%
1692 Sonny Hertzberg 4295 NYK,WSC,BOS 1947 1951 G
0%
751 Spencer Hawes 13718 SAC,PHI,CLE,LAC,CHO,MIL 2008 2017 C-F
0%
596 Stacey Augmon 16532 ATL,DET,POR,CHH,NOH,ORL 1992 2006 F-G
0%
1463 Stan McKenzie 5956 BAL,PHO,POR,HOU 1968 1974 F-G
0%
1455 Stan Miasek 5991 DTF,CHS,BLB,MLH 1947 1953 C-F
0%
1191 Steve Colter 8244 POR,CHI,PHI,WSB,SAC,CLE 1985 1995 G
0%
729 Steve Hawes 14032 HOU,POR,ATL,SEA 1975 1984 C-F
0%
1383 Steve Kuberski 6488 BOS,MIL,BUF 1970 1978 F-C
0%
544 Steve Mix 17599 DET,PHI,LAL,MIL 1970 1983 F
0%
929 Steve Stipanovich 11221 IND 1984 1988 C
0%
860 Stu Lantz 12138 SDR,HOU,DET,LAL,NOJ 1969 1976 G
0%
1765 Svi Mykhailiuk 3910 DET,LAL,OKC,TOR,CHO,NYK,BOS,UTA 2019 2025 G-F
0%
749 Swen Nater 13735 MIL,BUF,SDC,LAL 1974 1984 C
0%
1846 Tariq Abdul-Wahad 3544 SAC,DEN,ORL,DAL 1998 2003 F
0%
1848 Tellis Frank 3537 GSW,MIA,MIN 1988 1994 F-C
0%
908 Terry Catledge 11454 PHI,WSB,ORL 1986 1993 F
0%
1433 Terry Dehere 6141 LAC,SAC,VAN 1994 1999 G
0%
666 Terry Dischinger 15063 CHZ,BAL,DET,POR 1963 1973 F-G
0%
1627 Terry Furlow 4725 PHI,CLE,ATL,UTA 1977 1980 G-F
0%
799 Terry Teagle 13057 HOU,DET,GSW,LAL 1983 1993 F-G
0%
523 Terry Tyler 18006 DET,SAC,DAL 1979 1989 F-G
0%
1937 Theo Maledon 3063 OKC,CHO,PHO 2021 2024 G
0%
1791 Tim Bassett 3791 NYN,NJN,SAS 1974 1980 F-C
0%
1970 Tim Kempton 2925 LAC,CHH,DEN,PHO,CLE,ATL,SAS,ORL,TOR 1987 1998 F-C
0%
1243 Tim McCormick 7840 SEA,PHI,NJN,HOU,ATL,NYK 1985 1992 C
0%
1859 Timothe Luwawu-Cabarrot 3490 PHI,CHI,OKC,BRK,ATL 2017 2022 F
0%
1145 Toby Kimball 8722 BOS,SDR,MIL,KCO,PHI,NOJ 1967 1975 F-C
0%
1887 Todd Lichti 3330 DEN,BOS,GSW,ORL 1990 1994 G-F
0%
1927 Todd MacCulloch 3137 PHI,NJN 2000 2003 C
0%
1716 Togo Palazzi 4165 BOS,SYR 1955 1960 F-G
0%
1750 Tom Abernethy 3968 LAL,GSW,IND 1977 1981 F
0%
647 Tom Boerwinkle 15444 CHI 1969 1978 C
0%
1428 Tom Boswell 6161 BOS,DEN,UTA 1976 1984 F-C
0%
1062 Tom Burleson 9638 SEA,KCK,ATL 1975 1981 C
0%
1778 Tom Garrick 3854 LAC,DAL,MIN,SAS 1989 1992 G
0%
1322 Tom Hammonds 7045 WSB,CHH,DEN,MIN 1990 2001 F
0%
1558 Tom LaGarde 5274 DEN,SEA,DAL,NJN 1978 1985 C-F
0%
437 Tom Meschery 20400 PHW,SFW,SEA 1962 1971 F
0%
1991 Tommy Kron 2832 STL,SEA 1967 1970 G
0%
914 Tom Owens 11407 HOU,POR,IND,DET 1972 1983 C-F
0%
1720 Tom Tolbert 4149 CHH,GSW,ORL,LAC 1989 1995 F-C
0%
1174 Tony Massenburg 8385 SAS,BOS,CHH,GSW,LAC,PHI,TOR,NJN,VAN,HOU,MEM,UTA,SAC 1991 2005 F
0%
1323 Tony Snell 7044 CHI,MIL,DET,ATL,NOP,POR 2014 2022 G-F
0%
1949 Tony Wroten 3023 MEM,PHI 2013 2016 G
0%
1362 Torrey Craig 6704 DEN,MIL,PHO,IND,CHI,BOS 2018 2025 G-F
0%
1958 Toumani Camara 2991 POR 2024 2025 F
0%
787 Travis Best 13201 IND,CHI,MIA,DAL,NJN 1996 2005 G
0%
1110 Travis Outlaw 9074 POR,LAC,NJN,SAC 2004 2014 F
0%
1860 Trendon Watford 3488 POR,BRK 2022 2025 F
0%
1492 Tyler Hansbrough 5741 IND,TOR,CHO 2010 2016 F
0%
394 Tyrone Corbin 21506 SAS,CLE,PHO,MIN,UTA,ATL,MIA,SAC,TOR 1986 2001 G-F
0%
1668 Tyrone Nesby 4469 LAC,WAS 1999 2002 F
0%
1071 Tyronn Lue 9513 LAL,WAS,ORL,ATL,HOU,DAL,MIL 1999 2009 G
0%
1693 Tyus Edney 4265 SAC,BOS,IND 1996 2001 G
0%
329 Vern Fleming 23381 IND,NJN 1985 1996 G
0%
413 Vern Mikkelsen 21063 MNL 1950 1959 F-C
0%
1478 Vince Boryla 5893 NYK 1950 1954 F
0%
1283 Vincent Askew 7391 PHI,GSW,SAC,SEA,DEN,IND,NJN,POR 1988 1998 G-F
0%
649 Vinny Del Negro 15390 SAC,SAS,MIL,GSW,PHO 1989 2002 G
0%
1219 Vitaly Potapenko 8082 CLE,BOS,SEA,SAC 1997 2007 C
0%
1754 Wally Osterkorn 3951 SYR 1952 1955 F-C
0%
1798 Walt Budko 3746 BLB,PHW 1949 1952 F-C
0%
1606 Walter Berry 4871 POR,SAS,HOU,NJN 1987 1989 F
0%
721 Walter Dukes 14185 NYK,MNL,DET 1956 1963 C
0%
1339 Walter McCarty 6891 NYK,BOS,PHO,LAC 1997 2006 F
0%
1103 Walt Wesley 9130 CIN,CHI,CLE,PHO,CAP,MIL,PHI,LAL 1967 1976 C
0%
399 Wayne Embry 21454 CIN,BOS,MIL 1959 1969 C-F
0%
1497 Wayne Hightower 5706 SFW,BAL,DET 1963 1972 F-C
0%
1406 Whitey Skoog 6284 MNL 1952 1957 G
0%
1324 Wilbur Holland 7025 ATL,CHI 1976 1979 G
0%
1557 Willie Burton 5275 MIA,PHI,ATL,SAS,CHH 1991 1999 F-G
0%
1220 Willie Cauley-Stein 8069 SAC,DAL,GSW,PHI 2016 2022 F-C
0%
433 Willie Naulls 20465 NYK,STL,SFW,BOS 1957 1966 F-C
0%
1467 Willie Norwood 5948 DET,SEA,POR 1972 1978 F
0%
971 Will Perdue 10470 CHI,SAS,POR 1989 2001 C
0%
1526 Willy Hernangomez 5517 NYK,CHO,NOP 2017 2023 C
0%
1740 Win Wilfong 4049 STL,CIN 1958 1961 G-F
0%
989 Woody Sauldsberry 10290 PHW,STL,CHP,CHZ,BOS 1958 1966 F-C
0%
1707 Yi Jianlian 4196 MIL,NJN,WAS,DAL 2008 2012 F
0%
1757 Yogi Ferrell 3942 BRK,DAL,SAC,CLE,LAC 2017 2021 G
0%
983 Zaid Abdul-Aziz 10343 CIN,MIL,SEA,HOU,BUF,BOS 1969 1978 C-F
0%
No matching quizzes found
Score Distribution
Percent of People with Each Score
Percentile by Number Answered
Your Score History
You have not taken this quiz since the last reset